All time rankings of European leagues - Statistics

General Stats
  • This quiz has been taken 81 times
  • The average score is 303 of 2186
Answer Stats
Country Ranking Club Matches Points GD % Correct
England 3 Liverpool FC 1.228 2.258 947
92%
England 1 Manchester United 1.228 2.501 1.133
92%
Belarus 34 Arsenal Dzerzhinsk 60 61 -31
88%
England 2 Arsenal FC 1.228 2.314 976
88%
Ukraine 15 Arsenal Kyiv ( -2019) 389 474 -55
88%
Montenegro 18 Arsenal Tivat 72 92 -15
88%
Russia 26 Arsenal Tula 214 231 -104
88%
England 4 Chelsea FC 1.228 2.245 853
88%
England 6 Manchester City 1.038 1.809 713
88%
Finland 3 FC Inter Turku 808 1.140 111
84%
Montenegro 10 FK Mornar Bar 276 303 -135
84%
Czechia 29 Inter Bratislava 60 87 4
84%
Slovakia 19 Inter Bratislava 130 138 -64
84%
Wales 20 Inter Cardiff 298 521 190
84%
Italy 2 Inter Milan 3.118 5.575 2.108
84%
Italy 3 AC Milan 3.057 5.288 1.885
80%
England 9 Aston Villa 1.114 1.487 -68
80%
Germany 1 Bayern Munich 2.010 4.067 2.318
80%
Germany 2 Borussia Dortmund 1.934 3.143 819
80%
England 7 Everton FC 1.228 1.650 -24
80%
Italy 1 Juventus FC 3.079 5.808 2.453
80%
Spain 1 Real Madrid 3.028 6.065 3.106
80%
England 39 Sheffield United 236 225 -152
80%
Italy 6 SSC Napoli 2.622 4.010 639
80%
England 5 Tottenham Hotspur 1.228 1.913 327
80%
Italy 5 ACF Fiorentina 2.917 4.298 674
76%
Spain 4 Athletic Bilbao 3.028 4.621 958
76%
Andorra 6 Atlètic Club d'Escaldes 111 206 125
76%
Spain 3 Atlético de Madrid 2.880 4.860 1.443
76%
Andorra 14 CF Atlètic Amèrica 27 11 -67
76%
Spain 2 FC Barcelona 3.028 5.890 3.120
76%
England 14 Leeds United 582 820 9
76%
France 6 LOSC Lille 2.362 3.389 378
76%
France 65 Lyon OU 34 42 -26
76%
England 8 Newcastle United 1.110 1.541 18
76%
England 32 Nottingham Forest 274 309 -106
76%
France 43 Olympique lillois 194 326 106
76%
France 5 Olympique Lyon 2.400 3.706 520
76%
France 1 Olympique Marseille 2.650 4.232 881
76%
France 7 Paris Saint-Germain 1.903 3.274 1.077
76%
Wales 15 Port Talbot Town 528 708 -60
76%
Spain 6 Sevilla FC 2.674 3.925 363
76%
England 31 Swansea City 266 312 -77
76%
England 10 West Ham United 1.072 1.350 -221
76%
England 22 Wolverhampton Wanderers 380 435 -176
76%
Italy 4 AS Roma 3.077 4.824 1.056
72%
England 30 Brighton & Hove Albion 266 319 -56
72%
England 45 Cardiff City 76 64 -77
72%
Wales 25 Cardiff Metropolitan University 283 351 -97
72%
Germany 8 Eintracht Frankfurt 1.866 2.535 45
72%
Portugal 1 FC Porto 1.186 2.774 1.686
72%
Luxembourg 28 FC Sporting Mertzig 43 37 -47
72%
England 13 Leicester City 650 821 -65
72%
Italy 15 Parma Calcio 1913 973 1.339 5
72%
Germany 27 RB Leipzig 272 506 233
72%
Spain 8 Real Sociedad 2.568 3.578 63
72%
England 25 Sheffield Wednesday 316 392 -44
72%
Portugal 3 Sporting CP 1.185 2.442 1.178
72%
Ireland 17 Sporting Fingal (- 2011) 36 62 22
72%
North Macedonia 22 Voska Sport 34 42 -7
72%
the Netherlands 1 Ajax Amsterdam 2.288 4.973 3.489
68%
Iceland 13 KA Akureyri 261 355 7
68%
Estonia 35 Lasnamäe FC Ajax 108 34 -389
68%
the Netherlands 2 PSV Eindhoven 2.288 4.715 2.926
68%
Portugal 2 SL Benfica 1.186 2.597 1.512
68%
Italy 7 SS Lazio 2.776 3.967 447
68%
Italy 13 Udinese Calcio 1.797 2.245 -274
68%
England 35 AFC Bournemouth 266 298 -136
64%
Austria 29 ASV Hertha Wien (- 1931) 343 317 -338
64%
Germany 10 Bayer 04 Leverkusen 1.534 2.441 600
64%
Germany 5 Borussia Mönchengladbach 1.908 2.796 438
64%
England 28 Burnley FC 342 349 -192
64%
Scotland 1 Celtic FC 1.012 2.386 1.618
64%
England 38 Derby County 266 274 -149
64%
Russia 38 Dinamo Stavropol 94 107 -26
64%
Wales 24 Ebbw Vale 232 376 100
64%
Denmark 1 FC Copenhagen 1.063 2.015 762
64%
France 2 FC Girondins Bordeaux 2.544 3.918 636
64%
Russia 39 FC Pari Nizhniy Novgorod 96 102 -51
64%
the Netherlands 3 Feyenoord Rotterdam 2.288 4.459 2.298
64%
Croatia 1 GNK Dinamo Zagreb 650 1.525 956
64%
Germany 12 Hertha BSC 1.352 1.771 -215
64%
England 40 Ipswich Town 202 224 -93
64%
Luxembourg 6 Racing FC Union Luxembourg 477 660 9
64%
Scotland 2 Rangers FC 865 1.904 1.117
64%
Austria 3 Red Bull Salzburg 1.990 2.985 797
64%
Serbia 1 Red Star Belgrade 699 1.561 1.089
64%
France 39 Red Star FC 540 568 -279
64%
Portugal 4 SC Braga 1.130 1.809 343
64%
England 18 Sunderland AFC 608 618 -292
64%
Italy 8 Torino FC 2.687 3.788 333
64%
Germany 9 1.FC Köln 1.764 2.484 175
60%
France 3 AS Monaco 2.404 3.895 936
60%
Italy 11 Atalanta BC 2.190 2.759 -236
60%
England 34 Birmingham City 266 301 -87
60%
England 12 Blackburn Rovers 696 970 20
60%
Italy 9 Bologna FC 1909 2.617 3.605 215
60%
England 42 Brentford FC 114 144 -5
60%
Italy 35 Como 1907 426 461 -161
60%
England 23 Coventry City 354 409 -103
60%
Russia 5 Dynamo Moscow 952 1.451 225
60%
Germany 7 FC Schalke 04 1.832 2.563 -36
60%
Turkey 28 Fener Spor 454 553 -59
60%
England 15 Fulham FC 646 739 -204
60%
Turkey 2 Galatasaray 2.196 4.306 1.965
60%
Italy 12 Genoa CFC 1.935 2.364 -326
60%
Spain 41 Girona FC 152 218 17
60%
Germany 6 Hamburger SV 1.866 2.733 275
60%
Estonia 38 Johvi FC Lokomotiv 36 18 -80
60%
Greece 1 Olympiacos Piraeus 2.038 4.485 2.618
60%
Italy 16 Palermo FC 1.032 1.206 -381
60%
England 36 Portsmouth FC 266 293 -88
60%
the Netherlands 34 Rapid JC (- 1962) 204 266 -43
60%
Spain 10 Real Zaragoza 1.986 2.617 -161
60%
Austria 55 SC Olympia Wien (- 1961) 52 38 -100
60%
Ukraine 2 Shakhtar Donetsk 967 2.200 1.363
60%
Faroe Islands 18 SÍ Sörvágur 9 12 -3
60%
Bulgaria 5 Slavia Sofia 675 960 51
60%
England 11 Southampton FC 924 1.088 -241
60%
the Netherlands 5 Sparta Rotterdam 1.948 2.578 -120
60%
France 11 Stade Rennais FC 2.408 3.174 -209
60%
Germany 3 SV Werder Bremen 2.002 2.964 356
60%
Italy 10 UC Sampdoria 2.280 2.961 -91
60%
Luxembourg 22 Union Luxembourg (- 2005) 99 131 -9
60%
Austria 54 Union Wels (- 2003) 60 44 -66
60%
Spain 5 Valencia CF 2.930 4.545 948
60%
Germany 4 VfB Stuttgart 1.934 2.836 347
60%
Russia 4 Zenit St. Petersburg 892 1.640 670
60%
Germany 34 1.FC Union Berlin 170 243 -16
56%
Germany 23 1.FSV Mainz 05 612 763 -110
56%
Czechia 1 AC Sparta Prague 994 2.101 1.101
56%
Greece 56 APOEL Nicosia 35 38 -10
56%
Cyprus 1 APOEL Nicosia 619 1.306 687
56%
Turkey 3 Besiktas JK 2.194 4.153 1.698
56%
Italy 14 Cagliari Calcio 1.483 1.760 -303
56%
Belgium 2 Club Brugge KV 2.203 4.250 1.973
56%
England 17 Crystal Palace 578 658 -189
56%
Russia 2 CSKA Moscow 983 1.763 656
56%
Scotland 11 Dundee FC 570 601 -294
56%
Ukraine 1 Dynamo Kyiv 967 2.268 1.429
56%
Germany 28 FC Augsburg 442 504 -164
56%
Turkey 1 Fenerbahce 2.196 4.354 2.008
56%
Spain 24 Getafe CF 722 883 -131
56%
England 41 Hull City 190 171 -142
56%
Belgium 4 KAA Gent 1.836 2.765 352
56%
Poland 1 Legia Warszawa 1.050 1.893 882
56%
Israel 2 Maccabi Tel Aviv 1.198 2.239 953
56%
Spain 17 Málaga CF 1.294 1.518 -384
56%
Sweden 1 Malmö FF 692 1.281 518
56%
France 16 Montpellier HSC 1.510 1.924 -223
56%
England 24 Norwich City 392 402 -255
56%
France 8 OGC Nice 2.376 3.267 -23
56%
England 33 Queens Park Rangers 278 308 -92
56%
Spain 7 RCD Espanyol Barcelona 2.816 3.656 -346
56%
Spain 19 RCD Mallorca 1.140 1.417 -258
56%
Spain 9 Real Betis Balompié 1.994 2.652 -320
56%
Spain 54 Real Unión Club 72 77 -31
56%
Belgium 5 Royal Antwerp FC 1.586 2.291 135
56%
Belgium 1 RSC Anderlecht 2.199 4.438 2.484
56%
Spain 20 UD Las Palmas 1.172 1.405 -463
56%
Luxembourg 27 Union 05 Kayl-Tétange 52 41 -56
56%
Belgium 25 Union Saint-Gilloise 410 568 -9
56%
Luxembourg 16 Union Titus Petange 215 290 -2
56%
Germany 15 VfL Wolfsburg 918 1.278 35
56%
Faroe Islands 10 AB Argir 251 196 -270
52%
Scotland 3 Aberdeen FC 1.012 1.423 -35
52%
the Netherlands 7 AZ Alkmaar 1.555 2.460 573
52%
England 48 Blackpool FC 38 39 -23
52%
France 64 CA Paris-Charenton 44 43 -34
52%
Spain 11 Celta de Vigo 1.964 2.457 -392
52%
Switzerland 3 FC Basel 1893 2.432 3.934 1.172
52%
the Netherlands 8 FC Groningen 1.880 2.391 -289
52%
Russia 28 FC Sochi 150 204 13
52%
Switzerland 5 FC Zürich 2.364 3.498 646
52%
Germany 18 Fortuna Düsseldorf 854 1.024 -273
52%
Italy 17 Hellas Verona 1.099 1.198 -348
52%
Estonia 46 JK Vall 14 1 -36
52%
Faroe Islands 1 KÍ Klaksvík 580 1.192 781
52%
Belgium 6 KRC Genk 1.509 2.272 208
52%
Israel 1 Maccabi Haifa 1.195 2.250 957
52%
France 56 Paris FC 114 122 -64
52%
Austria 69 Salzburger AK 1914 74 22 -160
52%
Belarus 11 Slavia Mozyr 628 825 -51
52%
Czechia 25 Slovan Bratislava 60 135 71
52%
Slovakia 1 Slovan Bratislava 606 1.182 499
52%
Slovakia 14 Spartak Dubnica nad Vahom 262 299 -91
52%
Slovakia 17 Spartak Myjava 151 192 -12
52%
Czechia 35 Spartak Trnava 60 46 -74
52%
Slovakia 3 Spartak Trnava 678 1.055 168
52%
Bulgaria 13 Spartak Varna 258 248 -185
52%
Italy 37 Venezia FC 441 420 -252
52%
Germany 11 1.FC Kaiserslautern 1.492 2.094 4
48%
Germany 14 1.FC Nuremberg 1.118 1.318 -366
48%
Greece 3 AEK Athens 1.972 3.902 1.914
48%
Austria 2 Austria Vienna 3.172 5.358 2.272
48%
Portugal 7 Boavista FC 965 1.382 93
48%
England 19 Bolton Wanderers 494 575 -170
48%
Kazakhstan 8 FC Astana 465 908 425
48%
Belarus 13 FC Minsk 506 639 -53
48%
Romania 1 FCSB 765 1.513 628
48%
Georgia 10 FC Telavi 162 178 -57
48%
the Netherlands 6 FC Utrecht 1.827 2.526 -81
48%
Hungary 1 Ferencvárosi TC 1.208 2.237 866
48%
Serbia 2 FK Partizan Belgrade 707 1.511 991
48%
Latvia 15 FK Riga (bis 2008) 224 236 -187
48%
Latvia 9 FK Spartaks Jurmala 326 439 -24
48%
Serbia 5 FK Spartak Subotica 519 597 -82
48%
Iceland 1 KR Reykjavík 674 1.172 344
48%
England 51 Luton Town 38 26 -33
48%
Greece 2 Panathinaikos FC 2.039 4.182 2.239
48%
Belarus 19 Partizan Minsk (- 2014) 197 279 4
48%
Azerbaijan 1 Qarabağ FK 465 990 530
48%
Spain 16 Racing Santander 1.426 1.691 -524
48%
Spain 25 Rayo Vallecano 794 876 -395
48%
England 43 Reading FC 114 119 -50
48%
Latvia 4 Riga FC 275 578 335
48%
Germany 19 SC Freiburg 816 1.004 -232
48%
Germany 39 SG Dynamo Dresden 140 140 -79
48%
Ukraine 23 Spartak Ivano-Frankivsk (-2007) 207 220 -98
48%
Russia 1 Spartak Moscow 983 1.809 680
48%
Russia 27 Spartak Nalchik 196 219 -37
48%
Bulgaria 40 Spartak Pleven 26 33 -4
48%
England 21 Stoke City 380 457 -127
48%
Germany 24 TSG 1899 Hoffenheim 544 728 16
48%
Italy 27 US Lecce 640 604 -401
48%
England 37 Watford FC 304 285 -208
48%
Spain 29 Cádiz CF 598 597 -358
44%
Spain 14 CA Osasuna 1.506 1.842 -385
44%
Spain 26 Deportivo Alavés 608 707 -281
44%
Switzerland 22 FC Bern 1894 310 362 -147
44%
Moldova 1 FC Sheriff Tiraspol 186 456 372
44%
Germany 33 FC St. Pauli 272 254 -189
44%
France 20 FC Toulouse 1.266 1.541 -243
44%
Czechia 4 FC Viktoria Plzen 814 1.392 369
44%
Norway 8 FK Bodø/Glimt 686 1.031 196
44%
Spain 22 Granada CF 894 990 -408
44%
Scotland 4 Heart of Midlothian FC 936 1.333 88
44%
Kazakhstan 1 Kairat Almaty 869 1.454 491
44%
France 26 Le Havre AC 906 1.043 -292
44%
England 16 Middlesbrough FC 574 661 -146
44%
Greece 4 PAOK Thessaloniki 2.039 3.565 1.228
44%
Austria 1 Rapid Vienna 3.166 5.726 3.323
44%
France 13 RC Strasbourg Alsace 2.267 2.927 -194
44%
France 15 Stade Reims 1.416 2.128 369
44%
France 27 Toulouse FC (- 1967) 678 965 41
44%
the Netherlands 4 Twente Enschede FC 1.926 3.048 635
44%
Italy 33 US Sassuolo 418 514 -104
44%
Germany 13 VfL Bochum 1.262 1.484 -363
44%
Spain 21 Villarreal CF 912 1.369 182
44%
the Netherlands 12 Vitesse Arnhem 1.318 1.863 118
44%
England 20 West Bromwich Albion 494 490 -262
44%
France 4 AS Saint-Étienne 2.532 3.852 591
40%
Turkey 16 Basaksehir FK 566 906 171
40%
Italy 21 Brescia Calcio 779 808 -338
40%
Spain 23 Elche CF 792 893 -341
40%
Denmark 5 FC Midtjylland 802 1.403 398
40%
France 10 FC Nantes 2.078 3.178 565
40%
Russia 6 FC Rostov 928 1.145 -195
40%
Czechia 3 FC Slovan Liberec 934 1.450 230
40%
Bosnia-Herzegovina 2 FK Sarajevo 679 1.232 511
40%
the Netherlands 17 Go Ahead Eagles 1.144 1.365 -325
40%
Finland 20 Helsinki IFK 203 218 -78
40%
Croatia 3 HNK Rijeka 650 1.147 367
40%
England 47 Huddersfield Town 76 53 -84
40%
Albania 2 KF Tirana 475 770 193
40%
Austria 8 LASK 1.689 2.172 -145
40%
Poland 2 Lech Poznan 959 1.433 425
40%
Spain 28 Levante UD 592 649 -265
40%
Bulgaria 9 Lokomotiv Sofia 510 723 12
40%
Wales 34 Mold Alexandra 114 125 -55
40%
Italy 48 Pisa Sporting Club 218 203 -101
40%
Spain 13 Real Valladolid CF 1.618 1.925 -502
40%
Norway 1 Rosenborg BK 1.018 2.013 1.094
40%
Russia 8 Rubin Kazan 614 907 107
40%
Ireland 1 Shamrock Rovers 921 1.536 453
40%
Austria 38 SK Slovan HAC 200 184 -172
40%
Austria 4 SK Sturm Graz 2.198 2.970 46
40%
France 31 SM Caen 684 784 -241
40%
Germany 51 SpVgg Greuther Fürth 68 39 -88
40%
Italy 19 SSC Bari 1.018 1.071 -538
40%
Belgium 3 Standard Liège 2.191 3.751 1.226
40%
Turkey 4 Trabzonspor 1.686 2.984 969
40%
England 29 Wigan Athletic 304 331 -166
40%
Germany 50 1.FC Heidenheim 1846 34 42 -5
36%
Italy 58 AC Monza 76 97 -16
36%
Greece 69 AEL Limassol 34 7 -105
36%
Sweden 2 AIK 692 1.187 280
36%
Cyprus 4 Anorthosis Famagusta 619 1.069 307
36%
Germany 25 Arminia Bielefeld 646 667 -324
36%
Italy 26 Catania FC 602 667 -245
36%
Spain 45 CD Leganés 152 159 -63
36%
Romania 2 CFR Cluj 711 1.295 455
36%
England 27 Charlton Athletic 304 361 -100
36%
Spain 36 Córdoba CF 282 309 -145
36%
Ireland 5 Cork City FC 771 1.290 342
36%
Bulgaria 20 CSKA 1948 113 173 36
36%
Bulgaria 1 CSKA-Sofia 641 1.407 821
36%
Italy 54 Delfino Pescara 1936 234 168 -210
36%
Austria 67 FC Blau-Weiss Linz 32 22 -15
36%
Italy 28 FC Empoli 576 595 -274
36%
Russia 10 FC Krasnodar 404 675 200
36%
Denmark 8 FC Nordsjaelland 701 964 29
36%
Switzerland 35 FC Wil 1900 72 54 -49
36%
Italy 61 Frosinone Calcio 114 91 -106
36%
Switzerland 1 Grasshopper Club Zurich 2.634 4.206 1.702
36%
Germany 16 Hannover 96 1.016 1.174 -349
36%
Sweden 5 IFK Göteborg 718 1.093 210
36%
Montenegro 15 Kom Podgorica 142 135 -75
36%
Austria 31 LASK Amateure OÖ 180 282 44
36%
Poland 13 Lechia Gdansk 541 647 -23
36%
Bulgaria 7 Ludogorets Razgrad 359 851 578
36%
Germany 17 MSV Duisburg 948 1.147 -229
36%
the Netherlands 10 NAC Breda 1.688 2.026 -572
36%
Croatia 10 NK Zagreb 326 389 -87
36%
Italy 44 Piacenza Calcio 1919 273 286 -90
36%
Spain 18 Real Oviedo 1.192 1.516 -309
36%
Germany 32 Rot-Weiss Essen 238 262 -137
36%
Malta 15 Santa Lucia FC 123 127 -58
36%
Spain 38 SD Eibar 266 302 -78
36%
Italy 41 Siena FC 338 349 -116
36%
Czechia 2 SK Slavia Prague 994 1.895 863
36%
Spain 15 Sporting Gijón 1.458 1.772 -398
36%
Germany 41 SV Darmstadt 98 170 134 -177
36%
Italy 51 US Salernitana 1919 188 178 -136
36%
Portugal 5 Vitória Guimarães SC 1.128 1.617 37
36%
Poland 7 Widzew Lodz 615 873 75
36%
England 26 Wimbledon FC 301 374 -87
36%
Denmark 28 Aarhus Fremad 66 62 -44
32%
Denmark 6 Aarhus GF 1.015 1.296 -107
32%
Portugal 16 Académica Coimbra 570 559 -311
32%
Spain 55 AD Almería 68 69 -42
32%
France 17 AJ Auxerre 1.234 1.830 247
32%
Turkey 12 Antalyaspor 970 1.191 -239
32%
Greece 22 Apollon Kalamarias 629 633 -323
32%
Cyprus 3 Apollon Limassol 618 1.118 432
32%
Greece 9 Apollon Smyrnis 1.352 1.537 -381
32%
France 28 AS Cannes 748 932 -152
32%
Greece 28 AS Kastoria 1980 336 350 -201
32%
Denmark 30 B1909 Odense 48 55 -22
32%
Denmark 34 B1913 Odense 42 41 -45
32%
England 49 Barnsley FC 38 35 -45
32%
Belarus 2 BATE Borisov 790 1.691 901
32%
Italy 64 Benevento Calcio 76 54 -86
32%
Germany 55 Blau-Weiß 90 Berlin 34 21 -40
32%
Denmark 2 Bröndby IF 1.112 1.926 626
32%
Serbia 33 Buducnost Podgorica 70 75 -33
32%
Montenegro 1 Buducnost Podgorica 479 935 402
32%
Belgium 11 Cercle Brugge 1.631 1.905 -552
32%
Italy 22 Chievo Verona 634 740 -178
32%
Spain 12 Deportivo de La Coruña 1.568 2.108 -180
32%
France 48 Dijon FCO 218 206 -142
32%
France 38 EA Guingamp 482 572 -144
32%
Portugal 20 Estoril Praia 435 493 -149
32%
Estonia 13 FCI Tallinn 180 311 131
32%
Switzerland 7 FC Lugano 1.762 2.354 -47
32%
France 14 FC Metz 2.294 2.859 -502
32%
Moldova 12 FC Victoria Chisinau 20 31 0
32%
Luxembourg 10 FC Victoria Rosport 432 492 -217
32%
Lithuania 17 FC Vilnius (-2008) 108 139 4
32%
Czechia 30 FK Banik Most (-2016) 90 87 -45
32%
Czechia 17 FK Viktoria Zizkov 420 538 -61
32%
Finland 1 HJK Helsinki 1.010 1.944 874
32%
Russia 3 Lokomotiv Moscow 983 1.712 498
32%
Italy 18 LR Vicenza 986 1.188 -247
32%
Norway 2 Molde FK 970 1.646 469
32%
France 18 Nîmes Olympique 1.310 1.791 17
32%
Slovenia 3 NK Celje 878 1.263 118
32%
Denmark 4 Odense Boldklub 1.077 1.536 158
32%
Lithuania 32 REO LT Vilnius (-2012) 36 19 -55
32%
Portugal 11 Rio Ave FC 726 880 -145
32%
the Netherlands 15 SC Heerenveen 1.080 1.548 75
32%
France 61 SC Nîmes 74 83 -37
32%
Germany 48 SC Paderborn 07 68 51 -71
32%
Italy 23 SPAL 660 724 -248
32%
France 30 Stade Brestois 29 670 795 -179
32%
Estonia 22 Tallinn JK Legion 98 93 -65
32%
Estonia 6 TVMK Tallinn (- 2008) 360 680 492
32%
Spain 39 UD Almería 304 301 -171
32%
Italy 24 US Livorno 1915 626 685 -312
32%
Romania 47 Victoria Branesti (- 2012) 34 25 -26
32%
Norway 3 Viking FK 954 1.438 212
32%
Denmark 48 VSK Aarhus 2 4 1
32%
Italy 53 ACR Messina 182 171 -105
28%
the Netherlands 11 ADO Den Haag 1.574 1.931 -390
28%
Cyprus 5 AEL Limassol 622 977 116
28%
Cyprus 18 AE Pafos 148 131 -87
28%
Germany 36 Alemannia Aachen 136 157 -84
28%
Russia 17 Anzhi Makhachkala 348 395 -114
28%
Cyprus 11 Aris Limassol 360 439 -67
28%
Greece 5 Aris Thessaloniki 1.859 2.744 289
28%
England 46 Bradford City 76 62 -70
28%
Turkey 5 Bursaspor 1.644 2.191 -32
28%
Belarus 17 Dinamo 93 Minsk (- 1998) 182 340 136
28%
Belarus 1 Dinamo Minsk 971 1.956 950
28%
Georgia 1 Dinamo Tbilisi 282 542 268
28%
Sweden 4 Djurgårdens IF 692 1.128 244
28%
Ireland 20 Dublin City FC (- 2006) 36 25 -30
28%
Germany 35 FC Energie Cottbus 204 211 -127
28%
Austria 15 FC Linz (- 1997) 738 959 -62
28%
France 32 FC Lorient 634 747 -170
28%
Armenia 13 FC Lori Vanadzor 76 107 -1
28%
Austria 18 FC Wien (- 1973) 576 736 -189
28%
Armenia 20 FC Yerevan (-2020) 18 0 -51
28%
Austria 6 First Vienna FC 1.672 2.519 561
28%
Serbia 15 FK Hajduk 1912 284 344 -48
28%
Serbia 47 FK Hajduk Belgrad 32 12 -62
28%
Montenegro 17 FK Podgorica 103 126 -15
28%
the Netherlands 20 Fortuna Sittard 842 940 -383
28%
Poland 47 Gwardia Warszawa 33 38 -5
28%
Israel 4 Hapoel Tel Aviv 1.109 1.719 327
28%
the Netherlands 22 Heracles Almelo 758 869 -367
28%
Scotland 7 Hibernian FC 870 1.122 -70
28%
Croatia 2 HNK Hajduk Split 650 1.152 421
28%
Gibraltar 1 Lincoln Red Imps FC 219 573 684
28%
Ukraine 39 Metalist 1925 Kharkiv 79 75 -56
28%
Ukraine 49 Metalist Kharkiv 30 22 -31
28%
Italy 31 Modena FC 445 515 -156
28%
Malta 8 Mosta FC 391 456 -177
28%
Slovakia 2 MSK Zilina 678 1.181 481
28%
Slovenia 1 NK Maribor 878 1.686 759
28%
Belgium 41 Olympic Charleroi 158 147 -117
28%
Cyprus 12 Pafos FC 271 380 41
28%
Belgium 8 R Charleroi SC 1.691 2.152 -345
28%
France 12 RC Lens 2.268 3.133 21
28%
Italy 40 Reggina 1914 330 352 -142
28%
Spain 56 SD Huesca 76 67 -41
28%
Slovenia 23 SD NK Ljubljana 95 117 -43
28%
Norway 5 SK Brann 950 1.407 110
28%
Azerbaijan 18 Standard Sumqayit (- 2010) 32 30 -6
28%
England 50 Swindon Town 42 30 -53
28%
Faroe Islands 14 TB/FC Suduroy/Royn 54 57 -29
28%
Faroe Islands 7 TB Tvøroyri 403 383 -334
28%
Italy 20 US Triestina 879 1.038 -272
28%
France 22 Valenciennes FC 1.214 1.463 -310
28%
Malta 1 Valletta FC 472 909 479
28%
Austria 80 Vienna Cricket and Football-Club (- 1936) 20 2 -84
28%
the Netherlands 21 VVV-Venlo 808 870 -471
28%
Poland 3 Wisla Kraków 915 1.395 432
28%
Austria 34 1. Fortuna Wiener Neustädter SC 216 234 -148
24%
France 40 AC Ajaccio 524 548 -276
24%
Italy 66 AC Carpi 38 38 -20
24%
Italy 32 AC Perugia Calcio 420 514 -79
24%
Cyprus 6 AEK Larnaca 577 950 260
24%
Spain 37 Albacete Balompié 270 304 -90
24%
Italy 67 Ancona Calcio 68 38 -83
24%
France 24 Angers SCO 1.148 1.415 -204
24%
Romania 50 ASC Daco-Getica Bukarest 40 22 -51
24%
the Netherlands 48 ASC De Volewijckers 64 55 -90
24%
Azerbaijan 7 AZAL PFK Baku 259 319 -36
24%
Spain 40 Burgos CF 204 227 -94
24%
Italy 38 Calcio Foggia 1920 358 399 -117
24%
Italy 25 Calcio Padova 561 677 -190
24%
Ukraine 5 Chornomorets Odesa 798 1.055 -79
24%
Ireland 4 Derry City 915 1.378 253
24%
Ukraine 56 Dnipro Cherkasy (-2009) 1 0 -2
24%
Ukraine 3 Dnipro Dnipropetrovsk (- 2020) 766 1.318 420
24%
Germany 21 Eintracht Braunschweig 706 903 -149
24%
Luxembourg 1 F91 Dudelange 602 1.354 997
24%
Switzerland 14 FC Biel-Bienne 1896 896 1.059 -357
24%
Germany 47 FC Ingolstadt 04 68 72 -30
24%
Switzerland 6 FC Lausanne-Sport 2.198 3.075 537
24%
France 9 FC Sochaux-Montbéliard 2.368 3.207 87
24%
Czechia 9 FC Zbrojovka Brno 814 1.013 -159
24%
Azerbaijan 9 FK Baku (- 2018) 195 260 -14
24%
Lithuania 6 FK Kauno Zalgiris 322 444 -29
24%
Ukraine 33 FK Kharkiv (-2010) 120 105 -62
24%
North Macedonia 15 FK Skopje 135 133 -69
24%
Lithuania 1 FK Zalgiris Vilnius 632 1.307 748
24%
the Netherlands 30 Fortuna '54 (- 1968) 392 522 -65
24%
Ireland 14 Galway United FC 409 403 -267
24%
France 67 GFC Ajaccio 38 37 -21
24%
Poland 19 GKS Katowice 382 507 -15
24%
France 53 Grenoble Foot 38 152 141 -76
24%
Israel 5 Hapoel Beer Sheva 952 1.496 267
24%
Poland 29 Hutnik Krakow 152 197 -4
24%
Iceland 5 ÍA Akranes 537 800 92
24%
Poland 11 Jagiellonia Bialystok 585 721 -25
24%
Germany 20 Karlsruher SC 812 953 -315
24%
Lithuania 35 Kauno Aviacija Kaunas 4 7 2
24%
Lithuania 38 Kauno BAB Kaunas 4 0 -28
24%
Bulgaria 2 Levski Sofia 679 1.406 786
24%
Poland 17 LKS Lodz 446 551 -73
24%
Azerbaijan 20 MOIK Baku 33 18 -43
24%
the Netherlands 14 NEC Nijmegen 1.462 1.649 -567
24%
Greece 58 Olympiakos Chalkidas 31 31 -20
24%
Greece 54 Olympiakos Nicosia 102 53 -167
24%
Cyprus 14 Olympiakos Nicosia 341 344 -176
24%
Greece 30 Olympiakos Volou 303 314 -177
24%
France 52 Olympique Alès 184 170 -164
24%
Greece 68 Omonia Nicosia 34 9 -49
24%
Cyprus 2 Omonia Nicosia 615 1.133 430
24%
the Netherlands 23 PEC Zwolle 774 842 -374
24%
Greece 7 POT Iraklis Thessaloniki 1.691 2.343 92
24%
France 21 Racing Club de France 1.020 1.504 225
24%
Poland 22 Raków Częstochowa 305 453 34
24%
Spain 31 Real Murcia CF 586 578 -385
24%
Croatia 13 RNK Split 237 312 -9
24%
Ukraine 19 SC Dnipro-1 ( - 2024) 137 238 66
24%
Germany 53 SC Fortuna Köln 34 33 -33
24%
Turkey 18 Sivasspor 634 881 -8
24%
Poland 9 Slask Wroclaw 683 823 -26
24%
Italy 56 Spezia Calcio 115 106 -83
24%
Italy 49 US Catanzaro 210 202 -97
24%
Italy 47 US Cremonese 272 228 -177
24%
Faroe Islands 4 Víkingur Gøta 385 760 391
24%
Iceland 11 Víkingur Reykjavík 385 516 -2
24%
Ukraine 10 Zorya Lugansk 673 873 -121
24%
Denmark 3 Aalborg BK 1.077 1.578 207
20%
Italy 62 AC Reggiana 1919 102 78 -79
20%
Luxembourg 26 Alliance 01 Luxembourg (- 2005) 28 41 -9
20%
Turkey 31 Ankara Demirspor 418 499 -64
20%
Turkey 49 Ankara Keciörengücü 252 277 -91
20%
Italy 29 Ascoli Calcio 508 520 -204
20%
France 23 AS Nancy-Lorraine 1.132 1.426 -116
20%
Greece 48 Athens Kallithea 120 110 -48
20%
Lithuania 31 Atletas Kaunas (- 2011) 55 21 -86
20%
Bulgaria 10 Botev Plovdiv 562 669 -153
20%
Portugal 35 B SAD 136 144 -78
20%
Italy 59 Calcio Lecco 1912 104 92 -73
20%
Portugal 24 CD Santa Clara 272 296 -91
20%
Spain 30 CD Tenerife 494 594 -123
20%
Portugal 8 CF Os Belenenses 823 1.018 -93
20%
Bulgaria 4 Cherno More Varna 678 1.014 109
20%
Czechia 38 Dukla Banska Bystrica (1965 - 2017) 30 26 -24
20%
Slovakia 9 Dukla Banska Bystrica (1965 - 2017) 394 506 0
20%
Ireland 6 Dundalk FC 656 1.051 262
20%
Scotland 8 Dundee United FC 844 1.008 -233
20%
France 34 ESTAC Troyes 702 702 -396
20%
Austria 68 ESV Austria Graz (- 2004) 26 22 -53
20%
Lithuania 9 FBK Kaunas (- 2012) 169 334 206
20%
Italy 60 FC Crotone 114 92 -97
20%
the Netherlands 39 FC Dordrecht 204 139 -255
20%
the Netherlands 42 FC Emmen 128 128 -104
20%
Germany 29 FC Hansa Rostock 412 479 -129
20%
Luxembourg 13 FC Luxembourg City 347 393 -136
20%
Switzerland 8 FC Luzern 1.940 2.294 -575
20%
Russia 18 FC Moscow (-2010) 270 359 -14
20%
France 35 FC Nancy 530 666 -134
20%
Latvia 34 FC Noah Jurmala (- 2021) 28 3 -88
20%
Switzerland 10 FC Sion 1.742 2.165 -29
20%
Lithuania 15 FC Stumbras Kaunas (- 2019) 158 162 -100
20%
Switzerland 18 FC Thun 598 725 -138
20%
Russia 23 FC Ufa 246 270 -72
20%
Switzerland 31 FC Vaduz 180 155 -159
20%
the Netherlands 19 FC Volendam 910 954 -602
20%
Austria 7 FC Wacker Innsbruck 1.520 2.318 574
20%
Serbia 10 FK Rad 471 487 -139
20%
Serbia 7 FK Radnicki Nis 425 502 23
20%
Sweden 9 Helsingborgs IF 568 812 77
20%
Spain 27 Hércules CF 628 701 -334
20%
Sweden 10 IFK Norrköping 528 767 46
20%
Scotland 12 Inverness Caledonian Thistle FC 466 595 -52
20%
Iceland 24 ÍR Reykjavík 18 17 -10
20%
Lithuania 29 LFLS Kaunas 9 27 44
20%
Lithuania 37 LFLS Kaunas II 6 3 -26
20%
Ireland 16 Limerick FC (- 2019) 168 179 -103
20%
Italy 43 Lucchese 1905 284 325 -124
20%
Lithuania 36 LZGSS Makabi Kaunas 5 4 -5
20%
Gibraltar 7 Manchester 62 FC 192 200 -172
20%
Italy 46 Mantova 1911 230 232 -84
20%
Slovakia 22 MFK Dukla Banska Bystrica 64 95 3
20%
Scotland 5 Motherwell FC 1.014 1.280 -253
20%
Ukraine 31 PFC Lviv 168 143 -138
20%
Denmark 12 Randers FC 603 778 -79
20%
Spain 44 Recreativo Huelva 186 196 -94
20%
the Netherlands 9 Roda JC Kerkrade 1.496 2.078 50
20%
Germany 40 Rot-Weiß Oberhausen 136 139 -99
20%
Turkey 11 Samsunspor 1.024 1.254 -221
20%
San Marino 16 San Marino Academy 30 22 -42
20%
France 19 SC Bastia 1.264 1.601 -271
20%
Romania 7 SC Otelul Galati 466 642 -29
20%
Switzerland 4 Servette FC 2.282 3.510 1.094
20%
Ukraine 50 SK Odessa (-1999) 18 10 -17
20%
Luxembourg 25 Spora Luxemburg (- 2005) 56 64 -40
20%
France 41 Sporting Club de Toulon 452 529 -136
20%
Lithuania 33 SS Kovas Kaunas 8 11 13
20%
Germany 52 SSV Ulm 1846 34 35 -26
20%
Germany 30 SV Waldhof Mannheim 238 285 -79
20%
Wales 1 The New Saints 1.038 2.175 1.444
20%
San Marino 3 Tre Fiori FC 201 370 137
20%
Italy 69 Treviso FBC 1993 38 21 -32
20%
Norway 6 Tromsø IL 932 1.257 -47
20%
Germany 22 TSV 1860 Munich 672 884 -37
20%
Italy 42 US Avellino 1912 300 341 -70
20%
Austria 5 Wiener Sport-Club 1.871 2.658 209
20%
Austria 21 Wolfsberger AC 412 441 -63
20%
Austria 35 WSG Tirol 251 228 -96
20%
Poland 5 Zaglebie Lubin 926 1.202 7
20%
Germany 38 1.FC Saarbrücken 166 144 -134
16%
Romania 38 Academica Clinceni (2005 - 2022) 119 112 -96
16%
Portugal 48 Académico FC 28 15 -70
16%
Turkey 25 Adana Demirspor 662 763 -222
16%
Turkey 38 Alanyaspor 288 398 12
16%
the Netherlands 54 Alkmaar '54 (- 1967) 34 30 -22
16%
France 59 Amiens SC 104 106 -45
16%
Sweden 8 BK Häcken 584 871 192
16%
Ireland 3 Bohemian Football Club 951 1.485 305
16%
Portugal 42 Casa Pia AC 68 79 -21
16%
Spain 34 CD Castellón 334 388 -169
16%
Italy 55 Città di Casale 136 123 -148
16%
Slovakia 6 DAC Dunajska Streda 482 683 -18
16%
Hungary 5 Debreceni VSC 1.159 1.812 361
16%
Faroe Islands 22 EB Eidi 2 0 -5
16%
Faroe Islands 6 EB/Streymur 358 426 -187
16%
Greece 66 EPA Larnaca 34 12 -53
16%
Greece 47 Ethnikos Asteras 124 132 -78
16%
France 44 Excelsior AC Roubaix 194 272 16
16%
Romania 25 Farul Constanta (- 2016) 222 282 -45
16%
Kosovo 10 FC Besa Peja 170 188 -68
16%
Romania 3 FC Dinamo 1948 736 1.185 238
16%
the Netherlands 44 FC Eindhoven 102 94 -102
16%
Portugal 23 FC Famalicão 310 369 -110
16%
Slovakia 27 FC Kosice 32 27 -29
16%
Georgia 6 FC Locomotive Tbilisi 210 257 -79
16%
Armenia 10 FC Noah Yerevan 188 265 -2
16%
Italy 45 FC Pro Vercelli 1892 200 236 -72
16%
Switzerland 9 FC St. Gallen 1879 1.868 2.215 -487
16%
Armenia 12 FC Van 131 125 -92
16%
Romania 6 FCV Farul Constanta 447 666 82
16%
Slovakia 12 FC VSS Kosice (2005 - 2017) 286 360 -48
16%
Hungary 3 Fehérvár FC 1.264 1.961 411
16%
Bosnia-Herzegovina 5 FK Borac Banja Luka 554 906 163
16%
Montenegro 21 FK Mladost Donja Gorica 36 34 -22
16%
Serbia 41 FK Radnicki Belgrade 30 35 -5
16%
Turkey 51 Gaziantep FK 186 219 -49
16%
Croatia 14 HNK Gorica 216 285 -16
16%
Sweden 3 IF Elfsborg 718 1.154 212
16%
Latvia 1 JFK Ventspils 577 1.206 764
16%
Turkey 34 Kayseri Erciyesspor 424 429 -221
16%
Turkey 22 Kayserispor 662 834 -104
16%
Scotland 6 Kilmarnock FC 978 1.211 -240
16%
Turkey 15 Konyaspor 788 975 -158
16%
Russia 7 Krylya Sovetov Samara 907 1.096 -213
16%
Albania 13 KS Besa 125 163 -4
16%
Belgium 10 KSC Lokeren (-2020) 1.467 1.983 25
16%
France 46 Le Mans FC 228 264 -63
16%
Estonia 42 Levadia Pärnu 28 8 -77
16%
Norway 4 Lillestrøm SK 988 1.433 189
16%
Northern Ireland 1 Linfield FC 498 1.056 600
16%
Bulgaria 3 Lokomotiv Plovdiv 648 1.043 195
16%
Poland 56 Motor Lublin 6 8 0
16%
Slovenia 5 ND Gorica 770 1.093 75
16%
Croatia 4 NK Osijek 650 953 92
16%
Italy 34 Novara FC 446 504 -161
16%
Greece 8 OFI Crete FC 1.455 1.895 -134
16%
England 44 Oldham Athletic 84 89 -37
16%
Hungary 19 Puskás Akadémia FC 324 454 11
16%
Russia 14 Rotor Volgograd 432 585 19
16%
Austria 50 SK Austria Klagenfurt 96 66 -42
16%
Czechia 5 SK Sigma Olomouc 934 1.335 134
16%
Ireland 7 Sligo Rovers 753 1.034 29
16%
San Marino 2 SP Tre Penne 204 413 227
16%
Scotland 9 St. Johnstone FC 747 925 -198
16%
Spain 33 UD Salamanca 424 473 -155
16%
Andorra 2 UE Santa Coloma 201 351 148
16%
Norway 7 Vålerenga Fotball Elite 870 1.174 1
16%
Ireland 12 Waterford FC 397 460 -158
16%
Poland 15 Wisla Plock 516 609 -146
16%
Spain 59 Xerez CD 38 34 -28
16%
Austria 11 Admira Wacker 1.532 1.763 -413
12%
Romania 39 AFC Unirea 1924 (- 2022) 94 93 -78
12%
the Netherlands 53 Almere City FC 34 34 -26
12%
Russia 15 Amkar Perm 436 514 -117
12%
Greece 20 Asteras Aktor 498 672 0
12%
Slovakia 5 AS Trencin 578 815 58
12%
Belgium 19 Beerschot AC (-2013) 818 1.092 8
12%
Belgium 48 Beerschot VA 88 78 -64
12%
Israel 3 Beitar Jerusalem 1.145 1.753 296
12%
Bulgaria 17 Botev Vratsa 224 207 -179
12%
Switzerland 2 BSC Young Boys 2.510 3.945 1.056
12%
Hungary 4 Budapest Honvéd FC 1.243 1.865 266
12%
the Netherlands 45 BVC Amsterdam (- 1958) 68 80 -27
12%
Spain 35 CD Logroñés 346 378 -199
12%
Spain 57 CE Europa 54 60 -34
12%
Italy 39 Cesena FC 426 399 -206
12%
France 57 Clermont Foot 63 110 120 -69
12%
Northern Ireland 2 Crusaders FC 498 977 440
12%
Luxembourg 5 CS Fola Esch 425 786 348
12%
Estonia 44 DAG Tartu 13 4 -41
12%
the Netherlands 26 De Graafschap Doetinchem 714 646 -600
12%
Georgia 5 Dinamo Batumi 246 440 166
12%
Denmark 10 Esbjerg fB 657 825 -41
12%
Austria 79 ESV Haidbrunn-Wacker Wiener Neustadt 18 6 -70
12%
Gibraltar 2 Europa FC 204 454 428
12%
Gibraltar 12 Europa Point FC 88 54 -223
12%
Belgium 23 Excelsior Mouscron (-2009) 440 626 82
12%
the Netherlands 24 Excelsior Rotterdam 816 751 -631
12%
Scotland 18 Falkirk FC 200 213 -75
12%
the Netherlands 36 FC Amsterdam (- 1982) 204 239 -58
12%
Armenia 8 FC Ararat-Armenia 189 373 177
12%
Armenia 6 FC Ararat Yerevan 488 478 -275
12%
Portugal 25 FC Arouca 236 282 -69
12%
Czechia 6 FC Banik Ostrava 964 1.308 80
12%
Switzerland 25 FC Cantonal Neuchâtel (- 1970) 234 260 -130
12%
the Netherlands 29 FC Den Bosch 510 529 -311
12%
Estonia 1 FC Flora Tallinn 1.041 2.360 1.888
12%
Switzerland 26 FC Fribourg 234 218 -211
12%
Estonia 2 FCI Levadia 877 2.041 1.648
12%
Moldova 2 FC Petrocub Hincesti 186 368 202
12%
Italy 68 FC Pistoiese 30 22 -27
12%
Armenia 1 FC Pyunik Yerevan 510 933 402
12%
France 29 FC Rouen 1899 678 860 -121
12%
Andorra 1 FC Santa Coloma 200 418 296
12%
Czechia 19 FK Dukla Prague 330 359 -138
12%
Serbia 38 FK IMT Belgrad 39 45 -10
12%
Latvia 6 FK Liepaja 335 540 138
12%
Ukraine 13 FK Mariupol 639 744 -210
12%
Russia 53 FK Nizhniy Novgorod (- 2012) 2 1 -1
12%
Serbia 19 FK Radnicki 1923 Kragujevac 240 277 -72
12%
Ukraine 42 FK Sevastopol (- 2014) 59 62 -35
12%
Serbia 40 FK Sutjeska Niksic 40 36 -34
12%
Montenegro 2 FK Sutjeska Niksic 462 807 286
12%
Serbia 16 FK TSC Backa Topola 179 315 108
12%
Portugal 12 Gil Vicente FC 774 868 -264
12%
Spain 49 Gimnàstic de Tarragona 116 118 -114
12%
Poland 28 Gornik Leczna 264 240 -130
12%
Poland 54 Gornik Polkowice 30 25 -28
12%
Poland 4 Górnik Zabrze 983 1.247 -7
12%
Sweden 12 Halmstads BK 537 644 -89
12%
Sweden 7 Hammarby IF 567 873 155
12%
Malta 6 Hamrun Spartans 387 575 33
12%
the Netherlands 25 HFC Haarlem (- 2009) 612 694 -283
12%
Faroe Islands 8 ÍF Fuglafjördur 361 329 -406
12%
Estonia 12 JK Tammeka Tartu 324 320 -245
12%
Germany 26 KFC Uerdingen 05 476 543 -200
12%
Albania 1 KF Skënderbeu 477 823 214
12%
Iceland 27 KF Vídir 1 0 -4
12%
Germany 31 Kickers Offenbach 238 282 -118
12%
Belgium 57 K. Sint-Niklase SK Excelsior 34 27 -36
12%
Belgium 16 KV Kortrijk 1.134 1.336 -326
12%
Northern Ireland 10 Larne FC 163 317 160
12%
Estonia 27 Levadia Tallinn II 84 74 -105
12%
France 54 Limoges Football 114 139 -23
12%
Scotland 13 Livingston FC 414 447 -180
12%
Russia 24 Lokomotiv Nizhniy Novgorod 248 267 -123
12%
Norway 17 Lyn 1896 FK 330 417 -70
12%
Malta 12 Marsaxlokk FC 180 222 -43
12%
Gibraltar 6 Mons Calpe SC 142 223 65
12%
Switzerland 11 Neuchâtel Xamax FCS 1.246 1.564 146
12%
Poland 42 Olimpia Poznan 50 57 -7
12%
Sweden 30 Östers IF 82 64 -68
12%
Poland 6 Pogon Szczecin 836 996 -101
12%
Germany 54 Preußen Münster 30 30 -18
12%
Scotland 26 Queen's Park FC 2 0 -5
12%
Poland 32 Radomiak Radom 104 133 -22
12%
Belgium 32 RAEC Mons (-2015) 309 322 -113
12%
Scotland 14 Ross County FC 414 447 -197
12%
Belgium 38 Royal Excel Mouscron (-2022) 255 262 -112
12%
Belgium 42 RWDM Brussels FC (-2014) 136 136 -78
12%
Belarus 3 Shakhter Soligorsk 971 1.593 472
12%
Ireland 8 Shelbourne FC 537 898 216
12%
Denmark 7 Silkeborg IF 876 1.098 -108
12%
Russia 50 SKA Khabarovsk 36 18 -44
12%
Croatia 5 Slaven Belupo Koprivnica 650 794 -133
12%
Malta 5 Sliema Wanderers 463 675 87
12%
Scotland 10 St. Mirren FC 602 609 -323
12%
Austria 74 SV Admira Wiener Neustadt 30 15 -47
12%
Germany 49 Tennis Borussia Berlin 68 49 -89
12%
Italy 65 Ternana Calcio 60 42 -46
12%
France 50 Thonon Évian Grand Genève FC 152 171 -41
12%
Russia 21 Tom Tomsk (-2023) 292 312 -139
12%
Belarus 8 Torpedo-BelAZ Zhodino 721 1.030 66
12%
Georgia 3 Torpedo Kutaisi 282 445 93
12%
Belarus 14 Torpedo Minsk 443 589 -42
12%
Belarus 20 Torpedo Mogilev (- 2016) 271 268 -181
12%
Russia 9 Torpedo Moscow 524 723 -9
12%
Ukraine 20 Torpedo Zaporizhya 210 234 -98
12%
Turkey 36 Türk Telekomspor 374 413 -105
12%
Hungary 2 Újpest FC 1.298 1.985 325
12%
Romania 26 Unirea Urziceni ( - 2011) 170 269 35
12%
Ireland 10 University College Dublin 653 649 -382
12%
Switzerland 27 Urania Genève Sport 212 211 -164
12%
Belgium 17 VAC Beerschot (- 1999) 970 1.248 -76
12%
Iceland 3 Valur Reykjavík 621 952 165
12%
North Macedonia 2 Vardar Skopje 395 704 239
12%
Italy 50 Varese Calcio 218 191 -122
12%
Sweden 34 Västerås SK 30 23 -17
12%
Denmark 14 Vejle Boldklub 486 559 -162
12%
Russia 40 Volga Nizhniy Novgorod (- 2016) 106 95 -83
12%
Greece 44 Volos NPS 130 148 -67
12%
Poland 27 Warta Poznan 202 240 -60
12%
Moldova 11 Zaria Balti 46 46 -12
12%
Belgium 21 Zulte Waregem 655 858 -80
12%
Germany 56 1. FC Lokomotive Leipzig 34 20 -37
8%
Russia 11 Akhmat Grozny 524 656 -111
8%
Greece 11 AO Xanthi 979 1.251 -103
8%
Bulgaria 18 Arda Kardzhali 141 189 -7
8%
France 73 AS Aix-en-Provence 38 26 -47
8%
France 68 AS Béziers (-1990) 34 33 -39
8%
Belgium 43 AS Oostende KM (-1981) 138 125 -115
8%
Romania 5 Astra Giurgiu (- 2024) 451 675 117
8%
Greece 15 Atromitos Athens 694 872 -143
8%
Greece 65 Atromitos Piraeus 30 12 -46
8%
Portugal 51 Avs Futebol 2 6 2
8%
Wales 2 Bangor City (- 2025) 890 1.518 448
8%
Wales 8 Barry Town United 541 1.025 502
8%
Bulgaria 8 Beroe Stara Zagora 589 753 -87
8%
Latvia 14 BFC Daugavpils 283 249 -224
8%
Malta 3 Birkirkara FC 494 879 353
8%
Ireland 11 Bray Wanderers 614 619 -378
8%
Wales 33 Briton Ferry Athletic (-2009) 156 130 -171
8%
Wales 14 Caernarfon Town 638 757 -252
8%
Portugal 13 CD Nacional 584 719 -126
8%
Spain 47 CD Numancia 152 148 -98
8%
Portugal 27 CD Tondela 238 235 -127
8%
Spain 32 CE Sabadell FC 426 482 -228
8%
Spain 52 CF Extremadura 80 83 -55
8%
Portugal 31 CF União Madeira (-2021) 174 177 -102
8%
Northern Ireland 3 Cliftonville FC 498 947 367
8%
Northern Ireland 5 Coleraine FC 498 804 166
8%
Spain 53 CP Mérida 80 81 -45
8%
Poland 10 Cracovia 629 730 -41
8%
Portugal 6 CS Marítimo 1.096 1.440 -117
8%
France 25 CS Sedan-Ardennes 834 1.102 -12
8%
Romania 46 CSU Vointa Sibiu ( - 2012) 34 32 -21
8%
Moldova 8 Dacia Buiucani 84 106 -16
8%
Moldova 14 Dacia Chisinau 18 26 -3
8%
Latvia 8 Daugava Daugavpils 270 448 85
8%
Lithuania 19 DFK Dainava Alytus 108 111 -39
8%
Latvia 12 Dinaburg Daugavpils 256 353 -14
8%
Moldova 6 Dinamo-Auto Tiraspol (-2024) 162 181 -91
8%
Northern Ireland 18 Donegal Celtic FC 99 90 -96
8%
Ireland 9 Drogheda United FC 709 783 -283
8%
Northern Ireland 8 Dungannon Swifts FC 498 500 -346
8%
Belarus 5 Dynamo Brest 971 1.286 -23
8%
Estonia 33 Esdag Tartu 44 38 -82
8%
Cyprus 8 Ethnikos Achnas 545 624 -150
8%
Greece 10 Ethnikos Piraeus 1.170 1.408 -239
8%
Russia 30 Fakel Voronezh 186 190 -92
8%
Switzerland 42 FC Baden 1897 30 9 -72
8%
Kosovo 7 FC Ballkani 210 411 170
8%
Moldova 9 FC Balti 76 88 -19
8%
Gibraltar 10 FC Bruno's Magpies 61 113 45
8%
Gibraltar 14 FC College 1975 61 20 -202
8%
Luxembourg 3 FC Differdange 03 475 879 382
8%
Finland 2 FC Haka 750 1.174 205
8%
Romania 27 FC Hermannstadt 199 234 -27
8%
Czechia 16 FC Hradec Kralove 570 609 -262
8%
Luxembourg 23 FC Jeunesse Canach 133 129 -97
8%
Russia 33 FC Khimki 182 172 -122
8%
Lithuania 30 FC Klaipeda (-2011) 60 24 -125
8%
Finland 7 FC Lahti 718 942 -70
8%
Czechia 36 FC Nitra 30 31 -11
8%
Slovakia 10 FC Nitra 412 490 -130
8%
Estonia 41 FC Nomme United 36 15 -57
8%
Ukraine 16 FC Oleksandriya 346 430 -64
8%
Portugal 9 FC Paços de Ferreira 786 930 -263
8%
Kosovo 1 FC Prishtina 344 603 206
8%
Luxembourg 4 FC Progrès Niederkorn 519 812 141
8%
Romania 4 FC Rapid 1923 511 848 239
8%
Czechia 32 FC Tatran Presov 60 76 -8
8%
Slovakia 16 FC Tatran Presov 229 223 -148
8%
Belgium 50 FCV Dender EH 68 68 -40
8%
Switzerland 20 FC Winterthur 494 547 -276
8%
Moldova 5 FC Zimbru Chisinau 186 199 -62
8%
Ireland 13 Finn Harps 410 417 -209
8%
Lithuania 4 FK Atlantas Klaipeda (-2020) 441 552 -140
8%
Lithuania 20 FK Dainava Alytus (-2014) 137 103 -208
8%
Norway 12 FK Haugesund 528 682 -62
8%
Serbia 14 FK Novi Pazar 345 377 -118
8%
Czechia 26 FK Pardubice 124 132 -75
8%
Bosnia-Herzegovina 12 FK Radnik Bijeljina 365 425 -108
8%
Serbia 18 FK Radnik Surdulica 329 300 -127
8%
Lithuania 2 FK Suduva Marijampole 660 1.198 543
8%
Latvia 17 FK Tukums 2000 135 122 -159
8%
Bosnia-Herzegovina 8 FK Velez Mostar 492 657 -10
8%
Serbia 3 FK Vojvodina Novi Sad 681 1.029 239
8%
Malta 4 Floriana FC 489 762 182
8%
Norway 21 Fredrikstad FK 250 330 -43
8%
Latvia 7 FS Jelgava 393 459 -162
8%
Portugal 22 GD Chaves 448 470 -217
8%
Gibraltar 9 Gibraltar United FC (- 2019) 108 142 -23
8%
Northern Ireland 6 Glenavon FC 498 680 8
8%
Northern Ireland 4 Glentoran FC 498 810 256
8%
Turkey 13 Göztepe 950 1.174 -144
8%
Austria 9 Grazer AK 1902 1.546 2.081 -126
8%
Austria 52 Grazer SC Straßenbahn 62 51 -100
8%
Scotland 15 Hamilton Academical FC 378 381 -227
8%
Israel 9 Hapoel Haifa 875 1.164 -27
8%
Israel 26 Hapoel Jerusalem 102 121 -23
8%
Israel 21 Hapoel Jerusalem (- 2019) 225 230 -154
8%
Wales 9 Haverfordwest County 708 871 -199
8%
Bulgaria 28 Hebar Pazardzhik 86 77 -62
8%
Iceland 15 HK Kópavogs 156 153 -115
8%
Croatia 15 HNK Zadar 261 284 -157
8%
Bosnia-Herzegovina 1 HSK Zrinjski Mostar 679 1.266 455
8%
Finland 37 IF Gnistan 29 41 -2
8%
Finland 11 IFK Mariehamn 579 737 -102
8%
Hungary 39 III. Kerület TVE Budapest 68 50 -72
8%
Turkey 39 Izmirspor 326 389 -74
8%
Luxembourg 2 Jeunesse Esch 602 1.011 290
8%
Estonia 31 JK Maag Tartu 36 48 -3
8%
Estonia 20 JK Merkuur Tartu 117 103 -196
8%
Estonia 32 JK Tervis Pärnu 46 39 -53
8%
Estonia 40 Kalev Tartu 10 15 6
8%
Sweden 6 Kalmar FF 640 887 -16
8%
Belgium 29 KFC Lommel SK (- 2003) 307 359 -116
8%
Albania 4 KF Teuta 511 751 36
8%
Norway 31 KFUM-Kameratene Oslo 30 37 -1
8%
Poland 14 Korona Kielce 539 628 -83
8%
Norway 22 Kristiansund BK 210 278 -26
8%
Ukraine 9 Kryvbas Kryvyi Rig 694 874 -139
8%
Russia 20 Kuban Krasnodar (-2018) 286 324 -76
8%
Finland 5 Kuopion Palloseura 746 1.018 -52
8%
Belgium 24 KV Oostende (-2024) 508 573 -246
8%
Italy 63 Legnano AC 106 78 -101
8%
Latvia 3 Liepajas Metalurgs 378 811 561
8%
Belgium 7 Lierse SK (-2018) 1.676 2.159 -295
8%
Gibraltar 8 Lions Gibraltar FC 219 186 -268
8%
Belgium 62 Lommel SK 2 0 -3
8%
Northern Ireland 19 Loughgall FC 33 39 -9
8%
Denmark 11 Lyngby Boldklub 682 804 -231
8%
Ukraine 12 Metalurg Donetsk (- 2015) 527 745 34
8%
North Macedonia 10 Metalurg Skopje 197 302 53
8%
Ukraine 11 Metalurg Zaporizhya (-2016) 702 791 -283
8%
Ukraine 52 MFC Metalurg Zaporizhya 2 3 -4
8%
Turkey 6 MKE Ankaragücü 1.774 2.176 -340
8%
Serbia 45 Mladi Radnik Pozarevac 30 25 -28
8%
Portugal 19 Moreirense FC 440 512 -130
8%
the Netherlands 16 MVV Maastricht 1.208 1.406 -468
8%
Malta 13 Naxxar Lions FC 172 159 -136
8%
Greece 45 Niki Volou 188 146 -187
8%
Slovenia 2 NK Domzale 847 1.269 218
8%
Croatia 7 NK Istra 1961 584 591 -290
8%
Slovenia 4 NK Olimpija Ljubljana 734 1.257 384
8%
Bosnia-Herzegovina 4 NK Siroki Brijeg 679 1.134 340
8%
Ukraine 21 NK Veres Rivne 212 230 -78
8%
Slovenia 8 NS Mura 482 677 26
8%
Norway 10 Odds BK 714 1.021 -1
8%
Sweden 11 Örebro SK 546 683 -132
8%
Sweden 21 Östersunds FK 180 213 -53
8%
Greece 6 Panionios Athens 1.870 2.411 -162
8%
Greece 39 PAS Lamia 1964 192 190 -119
8%
Wales 30 Penybont FC 153 202 3
8%
Romania 19 Petrolul Ploiesti 284 368 0
8%
Poland 16 Piast Gliwice 481 595 10
8%
Spain 42 Pontevedra CF 180 203 -56
8%
Northern Ireland 9 Portadown FC 368 445 -110
8%
Malta 26 Rabat Ajax 64 34 -90
8%
Spain 51 Real Jaén CF 90 100 -62
8%
the Netherlands 18 RKC Waalwijk 944 1.070 -353
8%
Norway 15 Sarpsborg 08 FF 390 483 -83
8%
the Netherlands 32 SC Enschede 295 440 74
8%
Austria 22 SCR Altach 445 433 -197
8%
Germany 57 SC Tasmania 1900 Berlin (-1973) 34 10 -93
8%
the Netherlands 31 SC Telstar 468 494 -223
8%
Austria 12 SC Wacker Wien 1.153 1.657 263
8%
Spain 43 SD Compostela 160 201 -42
8%
Kazakhstan 5 Shakhter Karaganda 920 1.284 121
8%
North Macedonia 1 Shkendija Tetovo 456 905 458
8%
Russia 49 Sibir Novosibirsk (- 2019) 30 20 -24
8%
Belgium 12 Sint-Truidense VV 1.468 1.806 -337
8%
Austria 10 SK Admira Vienna (- 1971) 1.134 1.783 488
8%
Czechia 12 SK Dynamo Ceske Budejovice 754 841 -342
8%
Latvia 2 Skonto Riga (- 2016) 438 961 712
8%
Poland 49 Stal Rzeszow 34 37 5
8%
Ireland 2 St. Patrick's Athletic 951 1.508 338
8%
Germany 46 Stuttgarter Kickers 72 77 -38
8%
Iceland 17 Thór Akureyri 139 139 -74
8%
Kazakhstan 2 Tobol Kostanay 870 1.444 412
8%
Wales 29 Ton Pentre 156 227 -3
8%
France 51 Tours FC 152 170 -47
8%
Spain 58 UE Lleida 68 53 -112
8%
Moldova 18 Univer Oguzsport 10 11 6
8%
Denmark 9 Viborg FF 674 836 -109
8%
Portugal 10 Vitória Setúbal FC 838 909 -306
8%
Germany 42 Wuppertaler SV 102 102 -64
8%
Malta 29 Zabbar St. Patrick FC 22 23 -7
8%
Poland 35 Zaglebie Sosnowiec 104 92 -72
8%
Azerbaijan 6 Zira FC 267 390 12
8%
Faroe Islands 9 07 Vestur 216 210 -233
4%
Czechia 11 1.FC Slovacko 664 854 -50
4%
Wales 4 Aberystwyth Town 1.076 1.512 5
4%
Switzerland 16 AC Bellinzona 902 1.003 -496
4%
San Marino 6 AC Libertas 204 324 75
4%
Finland 23 AC Oulu 164 184 -71
4%
Romania 51 ACS FC Brasov Steagu Renaste (- 2024) 34 14 -49
4%
Romania 17 ACSM Politehnica Iasi 342 390 -116
4%
Romania 34 ACS Poli Timisoara (2012 - 2021) 156 150 -82
4%
San Marino 5 AC Virtus Acquaviva 201 338 74
4%
Turkey 23 Adanaspor 704 818 -179
4%
Wales 18 Airbus UK Broughton 484 543 -185
4%
Cyprus 24 Akritas Chlorakas 40 34 -36
4%
Russia 51 Akron Togliatti 2 3 1
4%
Armenia 5 Alashkert Yerevan FC 332 534 104
4%
Cyprus 15 Alki Larnaca (-2014) 186 182 -120
4%
Cyprus 19 Alki Oroklini (-2023) 68 74 -48
4%
Turkey 8 Altay SK 1.364 1.687 -214
4%
Cyprus 20 AO Ayia Napa 110 64 -128
4%
Greece 59 AO Chalkis 34 29 -23
4%
Greece 35 AOK Kerkyra 244 235 -130
4%
North Macedonia 9 AP Brera Strumica 224 303 22
4%
Cyprus 22 APEP Pitsilia 84 56 -99
4%
Greece 23 APO Levadiakos 590 626 -290
4%
Azerbaijan 17 Araz-Nakhchivan 46 40 -32
4%
Northern Ireland 16 Ards FC 132 106 -117
4%
Poland 25 Arka Gdynia 304 311 -89
4%
Italy 52 Associazione Calcio Liguria 150 171 -74
4%
the Netherlands 37 ASV Blauw-Wit 196 237 -67
4%
Greece 29 Athinaikos AS 302 343 -122
4%
Ireland 22 Athlone Town AFC 33 22 -21
4%
Scotland 24 Ayr United FC 4 1 -10
4%
Faroe Islands 3 B36 Tórshavn 586 1.004 344
4%
Faroe Islands 24 B36 Tórshavn II 5 0 -28
4%
Wales 13 Bala Town 476 757 168
4%
Northern Ireland 13 Ballinamallard United FC 198 175 -171
4%
Northern Ireland 7 Ballymena United FC 498 609 -154
4%
Denmark 21 BK Frem 115 134 -26
4%
Armenia 14 BKMA Yerevan 105 77 -89
4%
Latvia 20 Blazma Rezekne 89 73 -94
4%
Czechia 13 Bohemians Prague 1905 724 812 -273
4%
Germany 43 Borussia Neunkirchen 98 93 -114
4%
Iceland 4 Breidablik Kópavogur 548 844 154
4%
Turkey 72 Buca Gelistirme Spor 34 26 -28
4%
Hungary 24 Budapesti VSC - Zugló 252 332 -6
4%
Wales 7 Carmarthen Town 793 1.053 -126
4%
Northern Ireland 11 Carrick Rangers FC 295 241 -287
4%
Turkey 17 Caykur Rizespor 764 897 -259
4%
Spain 50 CD Alcoyano 108 106 -107
4%
Spain 60 CD Condal 30 29 -20
4%
Portugal 17 CF Estrela Amadora 504 554 -172
4%
Romania 18 CF Gloria Bistrita (- 2015) 324 380 -111
4%
Bulgaria 11 Chernomorets 1919 Burgas 314 400 -77
4%
Bulgaria 49 Chernomorets Burgas Sofia (-2007) 30 -2 -123
4%
France 42 Club Olympique de Roubaix-Tourcoing 344 473 -31
4%
Ireland 19 Cobh Ramblers FC 33 26 -28
4%
Wales 3 Connah's Quay Nomads 1.012 1.514 177
4%
Moldova 13 CSF Spartanii Sportul Selemet 34 28 -41
4%
Luxembourg 18 CS Pétange (- 2015) 212 246 -77
4%
Romania 8 CS Universitatea Craiova 379 631 141
4%
Spain 62 Cultural Leonesa 30 19 -31
4%
Wales 11 Cwmbran Town 532 851 188
4%
Czechia 28 DAC Dunajska Streda 60 89 10
4%
Latvia 28 Daugava Riga (- 2010) 32 14 -90
4%
Portugal 36 Desportivo Aves (- 2020) 168 132 -132
4%
Cyprus 23 Digenis Akritas Morfou 52 53 -30
4%
Malta 30 Dingli Swallows FC 24 6 -48
4%
Latvia 35 Dizvanagi Rezekne 28 2 -66
4%
Greece 18 Doxa Dramas 672 733 -280
4%
Cyprus 9 Doxa Katokopias 537 571 -246
4%
North Macedonia 23 Drita Bogovinje 33 40 -15
4%
Bulgaria 26 Dunav Ruse 104 98 -70
4%
Scotland 16 Dunfermline Athletic FC 380 377 -258
4%
Estonia 17 Eesti Polevkivi Johvi 162 190 -56
4%
Finland 41 Ekenäs IF 27 19 -33
4%
Belarus 21 Energetik-BGU Minsk 260 254 -140
4%
Russia 47 Enisey Krasnoyarsk 36 26 -32
4%
Cyprus 10 Enosis Neon Paralimniou 431 480 -141
4%
Cyprus 13 Ermis Aradippou 338 378 -152
4%
Turkey 60 Erzurumspor 102 98 -89
4%
Bulgaria 22 Etar Veliko Tarnovo 166 140 -153
4%
Sweden 25 Falkenbergs FF 150 117 -147
4%
Lithuania 16 FA Siauliai 108 154 5
4%
Turkey 35 Fatih Karagümrük 334 418 -13
4%
Germany 44 FC 08 Homburg 102 90 -97
4%
Switzerland 13 FC Aarau 978 1.060 -300
4%
Kazakhstan 4 FC Aktobe 818 1.306 292
4%
Romania 31 FC Arges Pitesti (- 2013) 188 208 -55
4%
Israel 11 FC Ashdod 817 996 -180
4%
Kazakhstan 10 FC Atyrau 697 877 -133
4%
Romania 9 FC Botosani 424 569 -16
4%
Romania 16 FC Brasov (- 2017) 328 416 -18
4%
Georgia 4 FC Dila Gori 282 442 90
4%
Albania 11 FC Dinamo City 164 189 -38
4%
Kosovo 2 FC Drita 346 585 172
4%
Lithuania 18 FC Dziugas Telsiai 144 130 -93
4%
Kosovo 12 FC Ferizaj 143 156 -73
4%
Kosovo 5 FC Feronikeli 74 277 416 52
4%
San Marino 10 FC Fiorentino 202 240 -72
4%
Georgia 12 FC Gagra 108 112 -56
4%
Romania 40 FC Gloria Buzau (1971 - 2016) 68 54 -65
4%
Belarus 6 FC Gomel 803 1.125 18
4%
Lithuania 13 FC Hegelmann 144 240 84
4%
Denmark 40 FC Helsingør 38 31 -35
4%
Finland 12 FC Honka 429 686 178
4%
Finland 25 FC Jokerit 121 158 1
4%
Latvia 18 FC Jurmala (- 2015) 131 121 -112
4%
Austria 19 FC Kärnten (- 2009) 596 675 -290
4%
Czechia 34 FC Karvina (-2003) 60 48 -52
4%
Slovenia 6 FC Koper 736 1.092 102
4%
Switzerland 21 FC Locarno 320 377 -146
4%
Luxembourg 20 FC Mondercange 183 181 -135
4%
Estonia 21 FC Nikol Tallinn 44 96 71
4%
Estonia 19 FC Norma Tallinn (- 1997) 79 154 112
4%
Andorra 8 FC Ordino 167 149 -131
4%
Russia 32 FC Orenburg 154 183 -33
4%
Finland 29 FC Oulu 59 59 -36
4%
Portugal 33 FC Penafiel 174 157 -128
4%
Slovakia 11 FC Petrzalka 228 392 115
4%
Latvia 5 FC RFS 275 571 341
4%
Luxembourg 24 FC Rodange 91 103 84 -116
4%
Georgia 9 FC Samgurali Tskaltubo 144 199 3
4%
Georgia 7 FC Samtredia 210 216 -104
4%
Switzerland 30 FC Schaffhausen 210 170 -212
4%
Slovakia 24 FC Senec (1990 - 2008) 55 59 -29
4%
Azerbaijan 4 FC Shamakhi 430 615 44
4%
Armenia 3 FC Shirak Gyumri 482 588 -136
4%
North Macedonia 6 FC Shkupi 292 458 102
4%
Czechia 40 FC Slovacka Slavia Uherske Hradiste 30 17 -47
4%
Belarus 27 FC Smorgon 170 157 -145
4%
Kazakhstan 26 FC Turan 76 74 -51
4%
Russia 37 FC Tyumen 159 110 -205
4%
Romania 13 FC U Craiova 1948 379 465 -49
4%
Armenia 2 FC Urartu Yerevan 510 741 111
4%
Estonia 16 FC Viljandi 216 204 -190
4%
Belarus 7 FC Vitebsk 793 1.070 -64
4%
Armenia 16 FC West Armenia 36 37 -30
4%
Luxembourg 11 FC Wiltz 71 419 473 -222
4%
Czechia 15 FC Zlin 574 622 -261
4%
Iceland 2 FH Hafnarfjördur 585 1.058 355
4%
Kazakhstan 37 FK Altay 1 3 3
4%
Serbia 13 FK Borac 1926 Cacak 395 390 -151
4%
Serbia 26 FK BSK Borca 119 125 -76
4%
Bosnia-Herzegovina 26 FK Buducnost Banovici 128 139 -59
4%
Albania 10 FK Bylis 262 284 -84
4%
Montenegro 20 FK Celik Niksic 33 54 19
4%
Serbia 4 FK Cukaricki 551 711 78
4%
Latvia 11 FK Daugava Riga 332 376 -130
4%
Montenegro 6 FK Decic Tuzi 360 446 -62
4%
Lithuania 3 FK Ekranas Panevezys (- 2014) 327 692 381
4%
Bosnia-Herzegovina 33 FK Igman Konjic 66 70 -33
4%
Czechia 7 FK Jablonec 904 1.306 142
4%
Serbia 30 FK Macva Sabac 142 89 -118
4%
Latvia 13 FK Metta 402 305 -403
4%
Czechia 10 FK Mlada Boleslav 604 880 95
4%
Lithuania 10 FK Panevezys 197 299 45
4%
Albania 5 FK Partizani 395 704 216
4%
Slovakia 23 FK Pohronie 91 82 -51
4%
Azerbaijan 14 FK Sabail 204 194 -138
4%
Slovakia 7 FK Senica (- 2022) 417 523 -82
4%
Lithuania 7 FK Siauliai (-2016) 364 425 -94
4%
Bosnia-Herzegovina 6 FK Sloboda Tuzla 586 772 -54
4%
Czechia 8 FK Teplice 844 1.132 -32
4%
Lithuania 27 FK TransINVEST 36 38 -15
4%
Bosnia-Herzegovina 3 FK Zeljeznicar Sarajevo 679 1.192 391
4%
Albania 8 Flamurtari FC 367 481 30
4%
Wales 21 Flint Town United 328 418 -50
4%
Iceland 10 Fram Reykjavík 489 572 -133
4%
Iceland 7 Fylkir Reykjavík 516 660 -110
4%
Armenia 4 Gandzasar Kapan 388 535 6
4%
Serbia 22 GFK Sloboda Uzice 120 167 -9
4%
Poland 40 GKS Tychy 69 66 -53
4%
North Macedonia 20 Gostivar 68 58 -59
4%
Scotland 19 Gretna FC (- 2008) 38 23 -51
4%
Malta 10 Gzira United FC 230 371 114
4%
Israel 20 Hapoel Hadera 201 242 -67
4%
Bulgaria 48 Haskovo 22 7 -40
4%
Iceland 23 Haukar Hafnarfjördur 22 20 -16
4%
the Netherlands 49 Helmond Sport 68 54 -69
4%
Denmark 38 Helsingör IF 28 36 8
4%
Denmark 39 Herning Fremad 28 35 1
4%
Malta 2 Hibernians FC 492 908 428
4%
Croatia 11 HNK Cibalia Vinkovci 326 372 -134
4%
Ireland 24 Home Farm 20 10 -18
4%
Sweden 20 IF Brommapojkarna 236 219 -185
4%
Sweden 26 IFK Värnamo 90 113 -20
4%
Israel 12 Ihud Bnei Sakhnin 648 769 -185
4%
Sweden 17 IK Sirius 240 292 -71
4%
Northern Ireland 17 Institute FC 135 104 -135
4%
Andorra 3 Inter Club d'Escaldes 166 305 135
4%
Israel 29 Ironi Ashkelon 131 104 -103
4%
Israel 13 Ironi Kiryat Shmona 513 707 36
4%
Turkey 14 Istanbulspor 830 997 -160
4%
France 69 Istres Football Club 38 32 -26
4%
Estonia 10 Jalgpallikool Tammeka 382 394 -262
4%
Montenegro 16 Jedinstvo Bijelo Polje 140 127 -105
4%
Finland 22 JJK Jyväskylä 184 185 -101
4%
Estonia 43 JK/Kalev Pärnu 13 7 -23
4%
Estonia 8 JK Viljandi Tulevik 511 525 -378
4%
Estonia 4 Kalju FC 601 1.171 682
4%
Cyprus 17 Karmiotissa Pano Polemidion 156 149 -122
4%
Ukraine 6 Karpaty Lviv (-2021) 803 973 -149
4%
Belgium 36 KAS Eupen 321 312 -231
4%
Turkey 20 Kasimpasa 716 852 -196
4%
Kazakhstan 9 Kaysar Kyzylorda 709 877 -132
4%
Hungary 22 Kecskeméti TE 276 386 2
4%
Iceland 9 Keflavík ÍF 526 629 -155
4%
Albania 14 KF Egnatia 110 154 9
4%
Albania 22 KF Elbasani (- 2022) 69 26 -104
4%
Kosovo 14 KF Flamurtari Prishtinë 101 117 -43
4%
Albania 3 KF Laçi 511 756 91
4%
Kosovo 9 KF Liria Prizren 198 206 -95
4%
Ireland 18 Kilkenny City (- 2007) 66 28 -88
4%
Turkey 19 Kocaelispor 674 859 -76
4%
Ukraine 28 Kolos Kovalivka 140 175 -41
4%
Belgium 47 KRC Mechelen 104 90 -88
4%
Bulgaria 36 Krumovgrad 30 44 0
4%
Belgium 61 KSC Hasselt (-2001) 34 12 -73
4%
Belgium 20 KVC Westerlo 700 872 -135
4%
Belgium 9 KV Mechelen 1.534 2.050 -192
4%
San Marino 1 La Fiorita 1967 203 453 276
4%
France 70 LB Châteauroux 34 31 -28
4%
Northern Ireland 14 Lisburn Distillery FC 137 131 -116
4%
Ukraine 53 Livyi Bereg Kyiv 3 2 -1
4%
Wales 32 Llandudno FC 128 145 -44
4%
Wales 10 Llanelli Town AFC 620 867 -47
4%
Ukraine 46 LNZ Cherkasy 32 45 -2
4%
Belarus 32 Lokomotiv Vitebsk (- 2000) 107 93 -99
4%
Bulgaria 6 Lovech 444 867 457
4%
Russia 36 Luch Vladivostok 129 142 -69
4%
Gibraltar 4 Lynx FC 219 295 -16
4%
Israel 6 Maccabi Petah Tikva 1.004 1.332 -64
4%
North Macedonia 8 Makedonija Gjorce Petrov 257 311 -69
4%
Malta 22 Melita FC 55 47 -52
4%
Ukraine 7 Metalist Kharkiv (- 2016) 574 906 98
4%
Czechia 23 MFK Karvina 214 200 -104
4%
Ukraine 34 MFK Mykolaiv 116 101 -108
4%
Slovakia 4 MFK Ruzomberok 678 991 118
4%
Slovakia 21 MFK Skalica 97 104 -35
4%
Poland 41 Miedz Legnica 72 63 -49
4%
Bulgaria 19 Minyor Pernik 176 185 -101
4%
Hungary 52 Miskolci VSC 1 3 3
4%
Sweden 13 Mjällby AIF 300 401 -6
4%
Ireland 23 Monaghan United FC 33 12 -66
4%
Malta 20 Msida St. Joseph FC 66 63 -52
4%
Slovakia 26 MSK Rimavska Sobota 36 32 -27
4%
Hungary 6 MTK Budapest 1.104 1.709 308
4%
Finland 4 Myllykosken Pallo -47 657 1.046 236
4%
Belarus 12 Naftan Novopolotsk 673 745 -275
4%
Azerbaijan 2 Neftchi PFK 465 804 212
4%
Bulgaria 14 Neftochimic Burgas 218 243 -75
4%
Belarus 4 Neman Grodno 972 1.361 0
4%
Northern Ireland 15 Newry City AFC 170 125 -178
4%
Wales 5 Newtown AFC 1.075 1.455 -29
4%
Slovenia 14 NK Bravo 180 229 -11
4%
Bosnia-Herzegovina 23 NK GOSK Gabela 158 165 -91
4%
Croatia 18 NK Hrvatski Dragovoljac 102 72 -95
4%
Croatia 8 NK Inker 401 414 -232
4%
Bosnia-Herzegovina 22 NK Jedinstvo Bihac 128 173 -32
4%
Croatia 20 NK Kamen Ingrad Velika 65 51 -63
4%
Croatia 17 NK Karlovac 1919 90 112 -21
4%
Slovenia 24 NK Krka 108 105 -75
4%
Croatia 6 NK Lokomotiva Zagreb 519 708 -3
4%
Croatia 16 NK Medjimurje Cakovec 128 117 -99
4%
Slovenia 12 NK Nafta 1903 252 292 -112
4%
Croatia 19 NK Rudes 108 63 -138
4%
Croatia 9 NK Varazdin 365 396 -168
4%
Faroe Islands 5 NSÍ Runavík 358 607 214
4%
Ukraine 17 Nyva Ternopil 296 341 -75
4%
Ukraine 48 Obolon Kyiv 32 30 -22
4%
Ukraine 27 Obolon Kyiv (-2012) 180 176 -100
4%
Poland 55 Odra Opole 9 11 -3
4%
Serbia 6 OFK Beograd 392 505 -31
4%
Montenegro 5 OFK Petrovac 460 545 -145
4%
North Macedonia 25 Ohrid Lihnidos 34 27 -36
4%
Kazakhstan 6 Ordabasy Shymkent 743 1.020 -1
4%
Sweden 18 Örgryte IS 211 268 -38
4%
Cyprus 21 Othellos Athienou 72 58 -45
4%
Belgium 30 Oud-Heverlee Leuven 289 335 -80
4%
Finland 32 Oulun Työväen Palloilijat 56 54 -35
4%
Estonia 5 Paide Linnameeskond 566 777 -60
4%
Greece 14 Panachaiki GE 855 908 -403
4%
Romania 11 Pandurii Targu Jiu (- 2022) 412 524 -33
4%
Greece 27 Panetolikos GFS 414 437 -187
4%
Greece 16 Panserraikos 816 850 -406
4%
Greece 41 Panthrakikos Komotini 188 182 -120
4%
Estonia 18 Pärnu JK Vaprus 270 178 -466
4%
Estonia 24 Pärnu Linnameeskond 144 85 -268
4%
Scotland 17 Partick Thistle FC 280 288 -109
4%
Greece 13 PAS Giannina 877 943 -229
4%
Hungary 12 Pécsi MFC 758 947 -115
4%
Hungary 53 Pécsi Vasutas SK 2 3 -1
4%
North Macedonia 12 Pelister Bitola 272 288 -142
4%
Andorra 9 Penya Encarnada d'Andorra 103 82 -178
4%
Bulgaria 34 PFK Pirin Blagoevgrad (-2009) 58 49 -49
4%
Bulgaria 12 Pirin Blagoevgrad 322 351 -101
4%
Poland 30 Podbeskidzie Bielsko-Biala 201 169 -85
4%
Ukraine 45 Polissya Zhytomyr 30 50 9
4%
Ukraine 55 Polissya Zhytomyr (-2005) 1 0 -1
4%
Romania 28 Politehnica Iasi (1945 - 2010) 196 226 -64
4%
Romania 14 Politehnica Timisoara (- 2012) 290 461 71
4%
Wales 38 Pontypridd United 64 63 -29
4%
Portugal 26 Portimonense SC 270 274 -137
4%
Greece 34 PS Kalamata 234 239 -139
4%
Poland 46 Puszcza Niepolomice 36 46 -6
4%
North Macedonia 3 Rabotnicki Skopje 456 670 79
4%
France 60 Racing Club Roubaix 90 98 -68
4%
Scotland 20 Raith Rovers FC 10 13 -6
4%
the Netherlands 40 RBC Roosendaal 170 131 -194
4%
the Netherlands 52 RFC Xerxes (- 2000) 34 47 -1
4%
Wales 6 Rhyl FC (- 2020) 686 1.071 174
4%
the Netherlands 43 RKSV Sittardia (- 1968) 132 125 -108
4%
Poland 51 ROW 1964 Rybnik 26 29 -7
4%
Belgium 31 Royal Daring Club Molenbeek (- 1973) 270 327 -87
4%
Poland 8 Ruch Chorzow 695 829 -22
4%
Belarus 30 Rukh Brest (- 2022) 60 102 43
4%
Ukraine 32 Rukh Lviv 103 127 -10
4%
Belgium 54 RWD Molenbeek 38 31 -38
4%
Belgium 15 RWD Molenbeek (- 2002) 1.058 1.413 1
4%
Azerbaijan 11 Sabah FK 176 257 30
4%
Norway 20 Sandefjord Fotball 352 335 -207
4%
Portugal 18 SC Beira-Mar 498 539 -192
4%
Luxembourg 36 SC Bettembourg 1 0 -1
4%
the Netherlands 33 SC Cambuur Leeuwarden 306 269 -239
4%
Portugal 30 SC Campomaiorense (-2013) 170 178 -101
4%
San Marino 12 SC Faetano 203 225 -94
4%
Portugal 15 SC Farense 480 564 -114
4%
Austria 27 Schwarz-Weiß Bregenz 382 387 -319
4%
Austria 47 SC Libertas Wien (- 1941) 110 110 -57
4%
the Netherlands 46 SC Veendam (- 2013) 68 59 -53
4%
Israel 32 Sekzia Ness Ziona 66 57 -48
4%
Romania 20 Sepsi OSK Sf. Gheorghe 275 362 35
4%
Bulgaria 30 Septemvri Sofia 82 74 -66
4%
Italy 57 SG Sampierdarenese 90 99 -44
4%
North Macedonia 5 Sileks Kratovo 391 501 -62
4%
Finland 16 SJK Seinäjoki 326 484 38
4%
Slovakia 18 SKF Sered 123 145 -50
4%
Kazakhstan 24 SKIF-Ordabasy Shymkent (- 1996) 94 106 -31
4%
Austria 32 SKN St. Pölten 370 282 -246
4%
Russia 44 Sokol Saratov 60 64 -32
4%
Denmark 13 Sönderjyske 499 588 -144
4%
San Marino 15 SP Cailungo 202 157 -223
4%
San Marino 8 SS Cosmos 202 252 -1
4%
San Marino 4 SS Folgore/Falciano 202 345 139
4%
San Marino 11 SS Pennarossa 204 235 -113
4%
San Marino 14 SS San Giovanni 204 166 -224
4%
Poland 24 Stal Mielec 283 323 -97
4%
Poland 38 Stal Stalowa Wola 70 78 -28
4%
Gibraltar 3 St Joseph's FC 219 431 287
4%
Poland 26 Stomil Olsztyn 256 298 -87
4%
Norway 11 Strømsgodset IF 728 961 -111
4%
Azerbaijan 5 Sumgayit PFC 401 430 -203
4%
Austria 20 SV Mattersburg (-2020) 533 589 -231
4%
Hungary 40 Szeged LC 51 47 -48
4%
Hungary 10 Szombathelyi Haladás 887 1.055 -232
4%
Finland 15 Tampere United 301 510 106
4%
Hungary 14 Tatabányai SC 479 672 -5
4%
Slovakia 25 Tatran Liptovsky Mikulas 64 58 -50
4%
North Macedonia 17 Teteks Tetovo 133 120 -99
4%
North Macedonia 16 Tikves Kavadarci 98 124 6
4%
Finland 38 TP-Seinäjoki 27 27 -12
4%
Sweden 19 Trelleborgs FF 254 253 -147
4%
Austria 40 TSV Hartberg 197 159 -78
4%
Turkey 45 Turan Spor 320 319 -172
4%
Azerbaijan 13 Turan-Tovuz IK 200 199 -85
4%
Finland 8 Turun Palloseura 707 926 -52
4%
Andorra 4 UE Sant Julia 173 292 106
4%
Luxembourg 35 Union Sportive Esch-Alzette 26 4 -58
4%
Russia 13 Ural Yekaterinburg 492 587 -160
4%
Luxembourg 19 US Hostert 216 200 -199
4%
Romania 24 UTA Arad 262 306 -66
4%
Finland 6 Vaasan Palloseura 730 949 -55
4%
Latvia 10 Valmiera FC 307 419 2
4%
Hungary 8 Vasas FC 1.023 1.358 -42
4%
Faroe Islands 13 VB Vágur 138 102 -289
4%
Bulgaria 33 Velbazhd Kyustendil 26 57 19
4%
Latvia 31 Venta Kuldiga 28 9 -61
4%
Bulgaria 31 Vereya Stara Zagora 79 72 -72
4%
Iceland 22 Vestri Ísafjördur 27 25 -21
4%
Malta 21 Vittoriosa Stars FC 56 48 -47
4%
Russia 54 Volgar Astrakhan 2 0 -3
4%
Ukraine 4 Vorskla Poltava 815 1.062 -71
4%
the Netherlands 27 VV DOS Utrecht 461 616 -57
4%
Austria 26 WAF Brigittenau 253 391 94
4%
Northern Ireland 12 Warrenpoint Town FC 262 198 -278
4%
Ireland 21 Wexford FC 33 23 -39
4%
Austria 13 Wiener AC 825 1.131 2
4%
the Netherlands 13 Willem II Tilburg 1.548 1.768 -632
4%
Georgia 16 WIT Georgia Tbilisi 36 20 -35
4%
the Netherlands 51 Xerxes/DHC '66 (- 1968) 34 48 -2
4%
Switzerland 32 Yverdon Sport FC 154 139 -93
4%
Poland 45 Zaglebie Walbrzych 33 46 -2
4%
Poland 37 Zawisza Bydgoszcz 124 85 -71
4%
Slovakia 15 Zeleziarne Podbrezova 226 262 -65
4%
Serbia 37 Zeleznicar Pancevo 41 48 -17
4%
Slovakia 13 Zemplin Michalovce 283 309 -137
4%
Kazakhstan 12 Zhenis Astana 481 779 201
4%
North Macedonia 27 11 Oktomvri Prilep 33 16 -32
0%
Hungary 36 1.FC Nagykanizsa 63 58 -51
0%
Czechia 37 1.SC Znojmo FK 30 27 -17
0%
Austria 17 1. Simmeringer SC 847 949 -545
0%
Austria 37 1. Wiener Neustädter SC (- 2009) 206 206 -162
0%
Norway 14 Aalesunds FK 464 544 -195
0%
Wales 40 Abergavenny Thursdays (- 2013) 38 28 -40
0%
Finland 24 AC Allianssi 107 159 -6
0%
Denmark 15 AC Horsens 467 519 -221
0%
San Marino 7 AC Juvenes-Dogana 202 284 -8
0%
Romania 35 ACSC FC Arges 120 142 -46
0%
Greece 60 AE Kifisias 26 21 -25
0%
Cyprus 25 AEK Kouklia 36 23 -60
0%
Greece 12 AE Larisa 979 1.238 -167
0%
Greece 50 AEL Kalloni 98 99 -70
0%
Greece 67 AE Nikea 30 11 -53
0%
Cyprus 26 AEZ Zakakiou 66 23 -103
0%
Wales 16 Afan Lido 484 568 -198
0%
Romania 33 AFC Chindia Targoviste 162 182 -38
0%
Sweden 31 AFC Eskilstuna 60 40 -59
0%
Czechia 42 AFK Atlantic Lazne Bohdanec (-2000) 30 11 -43
0%
Romania 52 AFK Csikszereda Miercurea Ciuc 2 1 -2
0%
Scotland 23 Airdrieonians FC 2 1 -1
0%
Bulgaria 42 Akademik Sofia 30 20 -35
0%
Denmark 17 Akademisk Boldklub 292 385 7
0%
Turkey 65 Akcaabat Sebatspor 68 61 -46
0%
Turkey 47 Akhisarspor 238 287 -54
0%
Greece 51 Akratitos Ano Liosion 117 90 -108
0%
Kazakhstan 30 Aksu Stepnogorsk (- 2008) 82 54 -105
0%
Kazakhstan 18 Akzhayik Uralsk 368 310 -325
0%
Turkey 68 Alibeyköyspor 52 46 -29
0%
Turkey 44 Altinordu FK 322 338 -137
0%
Poland 20 Amica Wronki 332 486 82
0%
Cyprus 27 Anagennisi Derynias 52 18 -69
0%
Gibraltar 16 Angels F.C. (- 2018) 27 9 -87
0%
France 55 Angoulême Charente FC 110 123 -53
0%
Greece 53 AO Chalkidona 60 83 -3
0%
Greece 17 AO Egaleo 727 844 -320
0%
Greece 19 AO Kavala 640 708 -291
0%
Greece 36 AO Platanias 190 210 -74
0%
Greece 37 AO Trikala 226 210 -160
0%
Greece 33 APO Fostiras 227 243 -126
0%
Cyprus 16 APOP Kinyras Pegias 148 161 -74
0%
Scotland 22 Arbroath FC 2 2 0
0%
Spain 46 Arenas Club 130 150 -81
0%
Romania 30 AS Ardealul Tg. Mures (- 2018) 178 209 -34
0%
Greece 40 AS Edessaikos 170 188 -78
0%
Russia 43 Asmaral Moscow (- 2006) 60 68 -28
0%
Greece 46 AS Rodos 136 136 -90
0%
Portugal 28 Associação Naval 1893 184 193 -99
0%
Sweden 36 Assyriska FF 26 14 -35
0%
Belarus 29 Ataka Minsk (- 1998) 75 103 -7
0%
France 74 Athlétic Club Arlésien 38 20 -49
0%
Finland 34 Atlantis FC 33 45 -2
0%
Sweden 22 Åtvidabergs FF 150 164 -56
0%
Latvia 29 Augšdaugavas NSS 27 12 -67
0%
Italy 36 Aurora Pro Patria 430 457 -256
0%
France 72 Avenir Club avignonnais 38 27 -50
0%
Turkey 59 Aydinspor 90 105 -35
0%
Faroe Islands 11 B68 Toftir 224 188 -211
0%
Faroe Islands 17 B71 Sandoy 34 17 -62
0%
Turkey 58 Bakirköyspor 90 105 -4
0%
Azerbaijan 21 Bakyly Baku (- 2017) 1 0 -1
0%
Turkey 64 Balikesirspor 64 61 -42
0%
Hungary 41 Balmazújváros FC 33 36 -7
0%
Russia 34 Baltika Kaliningrad 128 153 -6
0%
Malta 7 Balzan FC 392 553 32
0%
Israel 22 Beitar Tel Aviv 189 210 -98
0%
Hungary 15 Békéscsaba 1912 Elöre SE 552 639 -176
0%
North Macedonia 21 Belasica Strumica 70 55 -58
0%
Bulgaria 16 Belasitsa Petrich 204 208 -127
0%
Belarus 10 Belshina Bobruisk 666 836 -73
0%
Belgium 27 Berchem Sport 390 372 -295
0%
Belgium 22 Beringen FC (- 2002) 612 686 -262
0%
Belgium 56 Beringen Heusden-Zolder SK (-2006) 34 28 -32
0%
Turkey 46 Beykozspor 1908 264 309 -52
0%
Turkey 66 Beyogluspor 54 56 -23
0%
Hungary 16 BFC Siófok 547 632 -191
0%
Denmark 24 BK Fremad Amager 74 87 -26
0%
Israel 7 Bnei Yehuda Tel Aviv 1.006 1.318 -103
0%
Kazakhstan 22 Bolat-AMT Temirtau (-2016) 177 122 -223
0%
Denmark 25 Boldklubben 1903 50 77 19
0%
Denmark 26 Boldklubben af 1893 75 74 -52
0%
Faroe Islands 21 Bóltfelagið Royn 2 3 0
0%
Turkey 24 Boluspor 638 791 -72
0%
Belgium 52 Boom FC 68 44 -112
0%
North Macedonia 19 Borec Veles 89 88 -56
0%
Ukraine 43 Borysfen Boryspil (- 2007) 60 61 -23
0%
North Macedonia 7 Bregalnica Stip 329 397 -69
0%
Denmark 23 Brönshöj Boldklub 56 89 3
0%
Poland 33 Bruk-Bet Termalica Nieciecza 148 122 -78
0%
Norway 24 Bryne FK 146 164 -65
0%
Hungary 44 Budafoki MTE 33 27 -40
0%
Ukraine 38 Bukovyna Chernivtsi 82 87 -30
0%
Wales 12 Caersws FC 634 782 -139
0%
Turkey 57 Canakkale Dardanel SK 102 109 -47
0%
Portugal 44 Carcavelinhos FC 42 36 -59
0%
Wales 43 Cardiff Grange Quins 34 15 -87
0%
Portugal 37 CD Feirense 132 123 -89
0%
Portugal 47 CD Trofense 30 23 -17
0%
Wales 17 Cefn Druids 587 556 -472
0%
Andorra 15 CE Jenlai 21 4 -85
0%
Wales 35 Cemaes Bay 118 104 -151
0%
Andorra 13 CF Esperança d'Andorra 27 14 -54
0%
France 62 Chamois Niortais FC 38 43 -8
0%
Russia 22 Chernomorets Novorossijsk 253 291 -86
0%
Georgia 8 Chikhura Sachkhere 138 208 12
0%
Poland 58 Chrobry Glogow 2 3 1
0%
Spain 61 Club Atlético de Tetuán 30 26 -34
0%
Andorra 11 Club Esportiu Carroi 83 35 -148
0%
France 75 Club français 18 18 -7
0%
Wales 41 Colwyn Bay 32 25 -32
0%
Romania 22 Concordia Chiajna 298 317 -122
0%
Wales 22 Conwy Borough 298 417 -4
0%
Wales 19 CPD Porthmadog 466 532 -136
0%
Switzerland 28 CS Chênois 196 203 -121
0%
Moldova 17 CS Codru Lozova (- 2021) 64 14 -139
0%
Hungary 18 Csepel FC 389 470 -89
0%
Moldova 7 CSF Speranta Nisporeni (- 2021) 110 114 -69
0%
Luxembourg 9 CS Grevenmacher 387 584 121
0%
Luxembourg 33 CS Hobscheid 15 11 -14
0%
Kazakhstan 23 CSKA Almaty 84 110 0
0%
Ukraine 44 CSKA-Borysfen Boryspil 34 56 20
0%
Ukraine 25 CSKA Kyiv 159 186 -10
0%
Romania 23 CSM Ceahlaul Piatra Neamt 298 313 -139
0%
Romania 37 CS Mioveni 152 115 -132
0%
Luxembourg 37 CS Oberkorn 1 0 -2
0%
Romania 49 CS Otopeni 34 22 -22
0%
Moldova 15 CSTC Saksan 10 16 0
0%
Romania 45 CS Turnu-Severin (- 2013) 34 32 -11
0%
Sweden 32 Dalkurd FF 30 24 -27
0%
Belarus 24 Darida Minskiy Rayon (- 2008) 168 170 -87
0%
Sweden 27 Degerfors IF 90 91 -66
0%
Turkey 21 Denizlispor 728 843 -182
0%
Ukraine 29 Desna Chernigiv 110 164 25
0%
North Macedonia 28 Detonit Plackovica 1 0 -2
0%
Greece 52 Diagoras Rodou 95 86 -43
0%
Georgia 19 Dinamo Zugdidi 12 6 -25
0%
Hungary 11 Diósgyőri VTK 838 961 -311
0%
Turkey 40 Diyarbakirspor 362 357 -233
0%
Belarus 9 Dnepr Mogilev 767 989 -59
0%
Slovenia 19 DNŠ Zavrč 108 142 -28
0%
Belarus 38 Dnyapro Mogilev (- 2019) 30 30 -10
0%
Bulgaria 46 Dobrudzha Dobrich 26 14 -54
0%
Hungary 55 Dorogi FC 1 0 -2
0%
Austria 30 DSV Leoben 280 283 -223
0%
Romania 42 Dunarea Calarasi 44 40 -25
0%
Hungary 47 Dunaújváros FC 30 22 -23
0%
Hungary 26 Dunaújváros FC (-2019) 170 243 26
0%
the Netherlands 28 DWS Amsterdam 430 558 -56
0%
Poland 23 Dyskobolia Grodzisk Wielkopolski 294 434 63
0%
Belarus 43 DYuSSh-2 Rechitsa 30 7 -70
0%
Hungary 38 Eger SE 60 56 -51
0%
Hungary 50 Egri Dózsa SE 14 14 -7
0%
Hungary 49 Egri FC 30 15 -42
0%
Kazakhstan 17 Ekibastuzets Ekibastuz (-2008) 368 509 1
0%
Turkey 56 Elazigspor 136 136 -100
0%
Kazakhstan 33 Enbek Zhezkazgan (- 2002) 60 31 -116
0%
Sweden 37 Enköpings SK 26 14 -37
0%
Ukraine 54 Epicentr Kamyanets-Podilskyi 3 2 -2
0%
Turkey 62 Erzurumspor FK 74 75 -31
0%
Turkey 10 Eskisehirspor 978 1.314 9
0%
Hungary 7 ETO FC Győr 1.001 1.520 285
0%
Switzerland 38 Etoile Carouge FC 70 35 -132
0%
North Macedonia 24 Euromilk Gorno Lisice 34 39 -4
0%
Denmark 31 Farum Boldklub (FCN II) 33 51 -9
0%
Greece 62 FAS Naousa 34 18 -38
0%
Austria 41 Favoritner AC 122 136 -135
0%
Austria 73 Favoritner SC (- 1936) 22 17 -28
0%
Latvia 22 FB Gulbene-2005 68 52 -70
0%
Luxembourg 38 FC 72 Erpeldange 1 0 -2
0%
Kazakhstan 29 FC Aksu 52 54 -27
0%
Portugal 29 FC Alverca 170 181 -74
0%
France 47 FC Antibes 194 238 -91
0%
Luxembourg 21 FC Avenir Beggen 179 173 -179
0%
Portugal 49 FC Barreirense 16 13 -18
0%
Romania 48 FC Bihor Oradea (- 2016) 30 24 -12
0%
Luxembourg 32 FC Blue Boys Muhlenbach (- 2020) 17 12 -19
0%
Switzerland 41 FC Blue Stars Zürich 30 14 -63
0%
Gibraltar 15 F.C. Boca Gibraltar (-2020) 38 16 -129
0%
Gibraltar 13 F.C. Britannia XI (- 2016) 48 35 -103
0%
Switzerland 34 FC Bulle 82 57 -113
0%
Romania 53 FC Buzău 2 1 -4
0%
Switzerland 19 FC Chiasso 624 716 -445
0%
Switzerland 33 FC Concordia Basel 56 57 -50
0%
San Marino 9 FC Domagnano 204 251 -44
0%
Austria 53 FC Dornbirn 82 51 -132
0%
Kazakhstan 31 FC Ekibastuz 60 49 -38
0%
Andorra 10 FC Encamp 87 58 -126
0%
Luxembourg 8 FC Etzella Ettelbruck 466 589 -126
0%
Moldova 20 FC Falesti 10 0 -39
0%
Portugal 46 FC Felgueiras 1932 34 33 -18
0%
Moldova 10 FC Floresti 98 81 -109
0%
Denmark 49 FC Fredericia 2 2 0
0%
Switzerland 15 FC Grenchen (1906 - 2015) 820 1.047 -135
0%
France 66 FC Gueugnon 38 38 -19
0%
Finland 28 FC Hämeenlinna 74 62 -57
0%
Finland 14 FC Jazz Pori 397 546 10
0%
Albania 17 FC Kamza 98 90 -67
0%
Armenia 15 FC Kilikia Yerevan 112 66 -142
0%
Georgia 13 FC Kolkheti-1913 Poti 120 105 -110
0%
Finland 21 FC KTP 241 211 -177
0%
Estonia 9 FC Kuressaare 575 416 -901
0%
Finland 17 FC Kuusysi 175 284 34
0%
Switzerland 12 FC La Chaux-de-Fonds 1.150 1.536 -127
0%
Estonia 25 FC Lootus Järve jalgpallikool 148 85 -290
0%
Albania 12 FC Luftëtari (- 2020) 170 183 -87
0%
Andorra 7 FC Lusitanos 89 150 63
0%
Kosovo 13 FC Malisheva 108 151 15
0%
Luxembourg 34 FC Mamer 32 27 10 -52
0%
Luxembourg 29 FC Marisca Mersch 30 26 -22
0%
Estonia 36 FC Marlekor Tallinn 24 30 -9
0%
France 58 FC Martigues 114 117 -60
0%
Romania 36 FCM Bacau (- 2014) 120 116 -61
0%
Moldova 3 FC Milsami Orhei 186 314 78
0%
Ukraine 36 FC Minaj 105 90 -77
0%
Belarus 18 FC Molodechno 323 320 -151
0%
Switzerland 43 FC Moutier 26 8 -84
0%
France 49 FC Mulhouse 184 188 -149
0%
Denmark 51 FC Nakskov 1 0 -1
0%
Switzerland 23 FC Nordstern Basel 324 354 -197
0%
Austria 56 FC Ostmark (- 1936) 46 34 -69
0%
Andorra 12 FC Pas de la Casa 27 18 -22
0%
Austria 64 FC Rätia Bludenz 32 24 -34
0%
Georgia 14 FC Rustavi 72 75 -27
0%
Luxembourg 30 FC Schifflange 95 30 25 -23
0%
Armenia 19 FC Sevan 13 0 3
0%
Bulgaria 27 FC Sliven 90 83 -49
0%
Belarus 33 FC Slonim 2017 89 62 -125
0%
Belarus 15 FC Slutsk 325 377 -119
0%
Hungary 28 FC Sopron (- 2008) 180 200 -75
0%
Moldova 19 FC Speranta Drochia 10 1 -25
0%
Romania 32 FC Sportul Studențesc Bucharest 158 185 -24
0%
Switzerland 39 FC Stade-Lausanne-Ouchy 38 29 -37
0%
Austria 51 FC Stadlau 78 60 -117
0%
Luxembourg 31 FC Stengefort 27 24 -31
0%
Faroe Islands 15 FC Suduroy 61 37 -95
0%
Kazakhstan 7 FC Taraz 781 921 -141
0%
Estonia 23 FC Tevalte Tallinn 46 86 64
0%
Portugal 32 FC Tirsense 140 160 -43
0%
Russia 48 FC Tosno (-2018) 32 24 -35
0%
Latvia 24 FC Tranzits 59 35 -82
0%
Georgia 18 FC Tskhinvali 12 9 -9
0%
Kazakhstan 28 FC Turkistan 66 60 -67
0%
Armenia 9 FC Ulisses Yerevan 266 365 -19
0%
Luxembourg 14 FC UNA Strassen 243 341 -36
0%
Romania 21 FC Universitatea Cluj 288 345 -75
0%
Romania 12 FC Vaslui (- 2014) 302 487 84
0%
Denmark 27 FC Vestsjaelland 66 71 -32
0%
Finland 39 FC Viikingit 26 23 -19
0%
Slovakia 8 FC ViOn Zlate Moravce-Vrable 515 510 -304
0%
Portugal 39 FC Vizela 102 99 -55
0%
Romania 15 FC Voluntari 364 420 -92
0%
Czechia 22 FC Vysocina Jihlava 210 226 -94
0%
Estonia 26 FC Warrior Valga 156 81 -305
0%
Switzerland 24 FC Wettingen 278 288 -116
0%
Switzerland 17 FC Young Fellows ZH (- 1992) 736 846 -340
0%
Turkey 42 Feriköy 292 350 -55
0%
Finland 10 FF Jaro 621 738 -143
0%
Finland 19 Finnairin Palloilijat 162 218 -8
0%
Iceland 14 Fjölnir Reykjavík 172 189 -54
0%
Bosnia-Herzegovina 15 FK Alfa Modriča 210 294 8
0%
Albania 16 FK Apolonia 157 118 -132
0%
Latvia 16 FK Auda 192 200 -161
0%
Serbia 23 FK Banat Zrenjanin 128 145 -47
0%
Lithuania 8 FK Banga Gargzdai 356 385 -162
0%
Czechia 41 FK Benesov 30 12 -55
0%
Montenegro 19 FK Berane 99 71 -97
0%
Serbia 35 FK Bezanija 65 65 -22
0%
Belarus 25 FK Bobruisk (- 1996) 122 166 -26
0%
Montenegro 14 FK Bokelj 106 137 -2
0%
Czechia 21 FK Chmel Blsany (- 2016) 240 264 -95
0%
Serbia 44 FK Dinamo Vranje 39 26 -44
0%
Serbia 29 FK Donji Srem Pecinci 90 92 -36
0%
Bosnia-Herzegovina 31 FK Drina Zvornik 90 72 -91
0%
Czechia 18 FK Drnovice 300 409 -6
0%
Azerbaijan 3 FK Gabala 465 670 37
0%
Bosnia-Herzegovina 29 FK Glasinac Sokolac 68 83 -33
0%
Latvia 26 FK Grobina 40 32 -46
0%
North Macedonia 11 FK Horizont Turnovo 203 295 30
0%
Czechia 24 FK Hvezda Cheb 120 141 -51
0%
Serbia 28 FK Indjija 106 96 -79
0%
Lithuania 34 FK Interas Visaginas (-2007) 36 8 -138
0%
Montenegro 9 FK Iskra Danilovgrad 277 357 -32
0%
Latvia 27 FK Jauniba Riga 27 16 -64
0%
Serbia 9 FK Javor-Matis Ivanjica 468 489 -130
0%
Norway 34 FK Jerv 30 20 -39
0%
Montenegro 12 FK Jezero 149 191 -19
0%
Lithuania 22 FK Jonava 130 92 -153
0%
Lithuania 24 FK Klaipedos Granitas (-2015) 72 64 -66
0%
Serbia 31 FK Kolubara Lazarevac 74 87 -52
0%
Bosnia-Herzegovina 34 FK Kozara Gradiska 68 70 -35
0%
Lithuania 11 FK Kruoja Pakruojis (-2015) 228 296 -33
0%
Bosnia-Herzegovina 25 FK Krupa na Vrbasu 130 147 -29
0%
Albania 6 FK Kukësi 419 682 154
0%
Bosnia-Herzegovina 27 FK Laktasi 90 119 1
0%
Bosnia-Herzegovina 9 FK Leotar Trebinje 434 572 -107
0%
Belarus 26 FK Lida 182 160 -145
0%
Montenegro 11 FK Lovcen Cetinje 214 279 -26
0%
Kazakhstan 27 FK Maktaaral 53 60 -14
0%
Lithuania 25 FK Mazeikiai (-2011) 60 48 -60
0%
Serbia 21 FK Metalac Gornji Milanovac 244 218 -118
0%
Belarus 28 FK Mikashevichi 112 128 -49
0%
Norway 36 FK Mjølner 22 15 -27
0%
Serbia 39 FK Mladost Apatin 32 41 -8
0%
Bosnia-Herzegovina 21 FK Mladost Doboj-Kakanj 182 209 -69
0%
Bosnia-Herzegovina 37 FK Mladost Gacko 38 39 -26
0%
Serbia 42 FK Mladost GAT Novi Sad 37 30 -24
0%
Serbia 12 FK Mladost Lucani 392 434 -82
0%
Bosnia-Herzegovina 36 FK Mladost Velika Obarska 60 59 -40
0%
Serbia 11 FK Napredak Krusevac 448 463 -115
0%
Lithuania 28 FK Nevezis Kedainiai 107 31 -238
0%
Serbia 34 FK Obilic 69 68 -33
0%
Belarus 42 FK Osipovichi 30 16 -50
0%
Lithuania 26 FK Palanga (-2020) 56 39 -82
0%
Latvia 21 FK Policija Riga 56 61 -32
0%
Ukraine 51 FK Poltava (-2018) 2 3 2
0%
Czechia 14 FK Pribram 664 732 -290
0%
Serbia 25 FK Proleter Novi Sad (- 2022) 142 137 -58
0%
Serbia 48 FK Proleter Zrenjanin 12 5 -15
0%
Lithuania 5 FK Riteriai 332 526 146
0%
Bosnia-Herzegovina 19 FK Rudar Prijedor 213 227 -79
0%
Bosnia-Herzegovina 28 FK Rudar Ugljevik 98 116 -24
0%
Moldova 4 FK Sfîntul Gheorghe Suruceni (- 2023) 162 230 -12
0%
Lithuania 21 FK Silute 136 97 -170
0%
Bosnia-Herzegovina 10 FK Slavija Sarajevo 360 473 -77
0%
Bosnia-Herzegovina 30 FK Sloga Meridian 66 79 -28
0%
Serbia 20 FK Smederevo 1924 249 268 -111
0%
Belarus 37 FK Smolevichi (- 2021) 59 38 -63
0%
Belarus 36 FK Stariye Dorogi 77 58 -68
0%
Czechia 33 FK Strizkov (-2017) 60 50 -51
0%
Lithuania 14 FK Tauras Taurage 156 164 -99
0%
Serbia 49 FK Tekstilac Odzaci 2 4 1
0%
Albania 19 FK Tomori Berat 52 47 -31
0%
Bosnia-Herzegovina 18 FK Tuzla City 187 240 -27
0%
Lithuania 23 FK Utenis Utena 97 91 -58
0%
Lithuania 12 FK Vetra Vilnius (–2010) 164 284 81
0%
Czechia 39 FK Viagem Usti nad Labem 30 19 -45
0%
Latvia 23 FK Vindava Ventspils 30 36 -14
0%
Serbia 8 FK Vozdovac 447 493 -74
0%
Serbia 24 FK Zemun 173 144 -80
0%
Serbia 27 FK Zeta Golubovac 60 106 28
0%
Montenegro 4 FK Zeta Golubovac 389 567 57
0%
Latvia 32 FK Zibens/Zemessardze 28 4 -107
0%
Serbia 43 FK Zlatibor Cajetina 39 29 -37
0%
Bosnia-Herzegovina 35 FK Zvijezda 09 88 67 -90
0%
Austria 14 Floridsdorfer AC 787 1.009 -197
0%
Italy 30 Forza e Coraggio Alessandria 440 517 -156
0%
Austria 76 FS Elektra (- 2013) 24 10 -84
0%
Norway 28 Fyllingen Fotball 66 70 -41
0%
Sweden 16 GAIS 259 293 -74
0%
Turkey 9 Gaziantepspor (-2020) 1.028 1.363 -135
0%
Romania 10 Gaz Metan Medias (- 2022) 472 568 -101
0%
Hungary 32 Gázszer FC 85 121 8
0%
Portugal 53 GD Fabril Barreiro 2 0 -6
0%
Sweden 14 Gefle IF 348 398 -122
0%
Turkey 7 Genclerbirligi Ankara 1.610 2.071 -115
0%
Cyprus 29 Geroskipou FC 26 7 -50
0%
Serbia 17 GFK Jagodina 250 308 -28
0%
Gibraltar 11 Gibraltar Phoenix F.C. (-2019) 68 73 -90
0%
Sweden 15 GIF Sundsvall 396 391 -204
0%
Turkey 48 Giresunspor 254 283 -75
0%
Poland 21 GKS Belchatow 375 471 -41
0%
Gibraltar 5 Glacis United 219 233 -196
0%
Kazakhstan 25 Gornyak Khromtau (-2008) 62 83 -11
0%
Ukraine 26 Goverla Uzhgorod (- 2016) 257 178 -230
0%
Serbia 52 Graficar Belgrad 2 1 -2
0%
Scotland 25 Greenock Morton FC 2 0 -4
0%
Greece 31 GS Ergotelis 279 308 -107
0%
Belarus 22 GSK Gorodeya 150 185 -19
0%
Malta 16 Gudja United FC 122 118 -82
0%
Georgia 17 Guria Lanchkhuti 12 11 -13
0%
Hungary 37 Gyirmót FC Győr 66 56 -45
0%
Turkey 63 Hacettepe Spor 68 62 -45
0%
Denmark 46 Haderslev FK (SE II) 35 15 -56
0%
Israel 31 Hakoah Amidar Ramat Gan 66 57 -42
0%
Norway 19 Hamarkameratene 306 352 -130
0%
Israel 18 Hapoel Acre 270 295 -101
0%
Israel 23 Hapoel Beit Shean 150 143 -120
0%
Israel 14 Hapoel Kfar Saba 526 542 -259
0%
Israel 28 Hapoel Nof HaGalil 99 107 -50
0%
Israel 10 Hapoel Petah Tikva 799 1.015 -83
0%
Israel 19 Hapoel Raanana 269 279 -116
0%
Israel 25 Hapoel Ramat Gan 135 122 -76
0%
Israel 27 Hapoel Ramat haSharon 106 119 -57
0%
Israel 15 Hapoel Rishon leZion 330 347 -166
0%
Israel 38 Hapoel Tayibe 30 15 -47
0%
Israel 17 Hapoel Tzafririm Holon 294 309 -138
0%
Estonia 37 Harju JK Laagri 36 23 -34
0%
Turkey 53 Hatayspor 152 178 -66
0%
Denmark 36 HB Köge 66 38 -78
0%
Faroe Islands 2 HB Tórshavn 586 1.112 639
0%
Faroe Islands 19 HB Tórshavn II 10 6 -25
0%
Denmark 42 Hellerup IK 14 21 0
0%
Finland 40 Helsingin Ponnistus 26 21 -44
0%
Denmark 16 Herfölge Boldklub 320 394 -111
0%
Bosnia-Herzegovina 32 HNK Brotnjo Citluk 68 71 -36
0%
Bosnia-Herzegovina 16 HNK Orasje 218 287 -22
0%
Croatia 12 HNK Sibenik 297 340 -98
0%
Denmark 19 Hobro IK 170 175 -83
0%
the Netherlands 38 Holland Sport (- 1971) 136 145 -111
0%
Denmark 33 Holstebro Boldklub 28 42 1
0%
Wales 26 Holywell Town 226 271 -55
0%
Norway 26 Hønefoss BK 90 89 -59
0%
Denmark 37 Horsens FS 28 37 -4
0%
Bosnia-Herzegovina 13 HSK Posusje 317 405 -111
0%
Denmark 22 Hvidovre IF 93 91 -39
0%
France 76 Hyères 83 FC 18 16 -7
0%
Georgia 2 Iberia 1999 Tbilisi 282 485 148
0%
Iceland 6 ÍBV Vestmannaeyjar 568 757 -37
0%
Iceland 26 ÍF Grótta 18 8 -28
0%
Denmark 47 IF Skjold Birkeröd 5 7 -2
0%
Poland 57 Igloopol Debica 4 4 -8
0%
Denmark 18 Ikast fS (FCM II) 176 186 -70
0%
Norway 13 IK Start 604 681 -242
0%
Norway 32 IL Hødd 26 28 -19
0%
Finland 13 Ilves Tampere 478 654 -22
0%
Armenia 11 Impuls Dilijan 98 134 -12
0%
Ukraine 41 Ingulets Petrove 75 71 -43
0%
Romania 44 International Curtea de Arges (2000 - 2011) 34 36 -17
0%
Greece 21 Ionikos Nikeas 565 634 -208
0%
Kazakhstan 3 Irtysh Pavlodar 802 1.388 465
0%
Belarus 16 Isloch Minsk Region 268 369 -9
0%
Latvia 33 JDFS Alberts 2 3 -1
0%
Serbia 46 Jedinstvo Bijelo Polje 30 12 -52
0%
Latvia 19 JFK Olimps Riga 177 109 -254
0%
Estonia 34 JHK Keemik Kohtla-Järve 31 36 -31
0%
Romania 41 Jiul Petrosani 64 50 -43
0%
Estonia 29 JK Dünamo Tallinn 89 59 -185
0%
Estonia 7 JK Sillamäe Kalev 413 614 55
0%
Estonia 15 JK Tallinna Sadam (- 1998) 132 220 103
0%
Estonia 3 JK Trans Narva 1.041 1.567 355
0%
Sweden 29 Jönköpings Södra IF 60 65 -22
0%
Turkey 75 Kahramanmaras Spor 36 23 -49
0%
Estonia 11 Kalev Tallinn 426 343 -551
0%
Bulgaria 37 Kaliakra Kavarna (-2019) 60 41 -72
0%
Russia 31 KamAZ Naberezhnye Chelny 162 185 -53
0%
Azerbaijan 10 Kapaz PFK 260 259 -145
0%
Hungary 20 Kaposvári Rákóczi FC 397 434 -180
0%
Turkey 41 Kardemir Karabükspor 336 356 -209
0%
Turkey 26 Karsiyaka 528 597 -216
0%
Azerbaijan 19 Karvan Yevlakh 32 19 -28
0%
Kazakhstan 20 Kaspiy Aktau 194 186 -158
0%
Kazakhstan 35 Kazakhmys Satpaev (-2011) 26 21 -29
0%
Kosovo 21 KF Arbëria 36 40 -16
0%
Belgium 37 KFC Diest (-2025) 278 302 -127
0%
Belgium 53 KFC Turnhout 30 31 -22
0%
Belgium 55 KFC Verbroedering Geel (-2008) 34 28 -28
0%
Kosovo 8 KF Drenica 308 377 -48
0%
Kosovo 11 KF Dukagjini 141 164 -45
0%
Albania 18 KF Erzeni 72 72 -40
0%
Kosovo 25 KF Fushë Kosova 36 20 -44
0%
Kosovo 16 KF Hajvalia 70 76 -52
0%
Kosovo 20 KF Hysi 31 41 5
0%
Kosovo 22 KF Istogu 38 36 -23
0%
Kosovo 23 KF KEK-u Kastriot 63 29 -102
0%
Albania 25 KF Korabi 36 13 -57
0%
Kosovo 19 KF Lepenci Kacanik 33 42 -7
0%
Kosovo 3 KF Llapi 309 491 72
0%
Albania 23 KF Pogradeci 26 19 -22
0%
Albania 24 KF Tërbuni 36 18 -59
0%
Kosovo 17 KF Trepca 66 73 -27
0%
Kosovo 6 KF Trepca 89 270 415 70
0%
Kosovo 24 KF Ulpiana 36 27 -38
0%
Kosovo 15 KF Vëllaznimi Gjakovë 66 96 6
0%
Albania 7 KF Vllaznia 477 658 29
0%
Kosovo 26 KF Vllaznia Pozheran 33 14 -52
0%
Kosovo 18 KF Vushtrria 72 55 -64
0%
Azerbaijan 8 Khazar Lankaran (- 2016) 233 317 10
0%
Hungary 25 Kisvárda FC 198 259 -24
0%
Denmark 32 Köge Boldklub 49 47 -45
0%
Finland 33 Kokkolan Pallo-Veikot 50 46 -33
0%
Hungary 43 Komlói Bányász SK 16 28 0
0%
Norway 18 Kongsvinger IL 334 405 -116
0%
Finland 31 Kotkan Työväen Palloilijat 62 56 -41
0%
Belgium 39 KRC Zuid-West-Vlaanderen (-2002) 204 249 -45
0%
Ukraine 24 Kremin Kremenchuk 180 202 -84
0%
Austria 39 Kremser SC 170 174 -120
0%
Belarus 35 Krumkachi Minsk 60 58 -36
0%
Albania 21 KS Gramozi Erseka 33 26 -18
0%
Albania 9 KS Kastrioti 295 340 -115
0%
Belgium 13 KSK Beveren (- 2010) 1.238 1.565 -160
0%
Belgium 49 KSK Tongeren (-2014) 68 69 -39
0%
Estonia 30 KSK Vigri Tallinn 32 55 28
0%
Albania 20 KS Lushnja 69 37 -84
0%
Austria 72 KSV Ankerbrot 26 18 -64
0%
Belgium 40 KSV Roeselare (-2020) 174 173 -99
0%
Belgium 18 KSV Waregem (- 2001) 930 1.173 -95
0%
Poland 39 KSZO Ostrowiec Swietokrzyski 94 70 -72
0%
Finland 42 Kuusankosken Kumu 22 10 -30
0%
Belgium 44 KVV Crossing Elewijt 120 110 -88
0%
Kazakhstan 38 Kyran Shymkent 3 1 -4
0%
Russia 45 Lada Togliatti 69 55 -58
0%
Finland 36 Lahden Reipas 60 42 -92
0%
Sweden 23 Landskrona BoIS 104 122 -35
0%
Estonia 14 Lantana Tallinn (- 2000) 138 254 124
0%
Portugal 38 Leça FC 102 108 -59
0%
Iceland 16 Leiftur Ólafsfjörður 108 150 -6
0%
Iceland 20 Leiknir Reykjavík 71 58 -66
0%
Portugal 40 Leixões SC 106 98 -88
0%
Estonia 28 Lelle SK 80 67 -82
0%
Armenia 18 Lernayin Artsakh Goris 36 22 -43
0%
Malta 27 Lija Athletic FC 49 26 -82
0%
Sweden 33 Ljungskile SK 30 24 -29
0%
Wales 42 Llangefni Town 34 24 -43
0%
Wales 39 Llanidloes Town 38 30 -45
0%
Bulgaria 41 Lokomotiv Gorna Oryahovitsa 26 22 -17
0%
Bulgaria 32 Lokomotiv Mezdra 2012 60 64 -20
0%
Ireland 15 Longford Town FC 363 387 -150
0%
Austria 70 LSV Markersdorf (- 1945) 16 21 -2
0%
Belarus 40 Luch Minsk (- 2018) 30 24 -20
0%
Bulgaria 45 Lyubimets 26 18 -48
0%
Estonia 39 Maardu Linnameeskond 45 17 -141
0%
Israel 33 Maccabi Ahi Nazareth 68 55 -70
0%
Israel 30 Maccabi Bnei Reineh 69 79 -28
0%
Israel 16 Maccabi Herzliya 294 312 -125
0%
Israel 24 Maccabi Ironi Ashdod 129 139 -41
0%
Israel 37 Maccabi Ironi Kiryat Gat 33 27 -24
0%
Israel 36 Maccabi Jaffa 60 33 -87
0%
Israel 8 Maccabi Netanya 953 1.226 -131
0%
Israel 35 Maccabi Yavne 32 33 -14
0%
Wales 37 Maesteg Park 114 85 -125
0%
Greece 55 Makedonikos Neapolis 35 40 -21
0%
Turkey 30 Malatyaspor 384 506 -36
0%
Turkey 50 Manisaspor 204 223 -64
0%
Bulgaria 15 Marek Dupnitsa 222 224 -174
0%
Hungary 54 Máv Előre SC 1 1 0
0%
Faroe Islands 20 MB Midvágur 10 4 -13
0%
Greece 61 Megas Alexandros Katerinis 30 21 -33
0%
Kazakhstan 32 MegaSport Almaty (-2008) 30 42 -5
0%
Georgia 20 Merani Tbilisi 18 6 -28
0%
Turkey 29 Mersin Talimyurdu SK 472 540 -110
0%
Hungary 23 Mezőkövesd Zsóry FC 294 338 -94
0%
Czechia 31 MFK Vitkovice 90 84 -77
0%
Armenia 7 MIKA Ashtarak 266 447 110
0%
Finland 18 Mikkelin Palloilijat 195 230 -52
0%
Serbia 50 Milicionar Belgrad 7 3 -4
0%
Norway 25 Mjøndalen IF 162 150 -100
0%
Turkey 74 MKE Kirikkalespor 30 23 -43
0%
North Macedonia 26 Mladost Carev Dvor 33 19 -59
0%
Serbia 51 Mogren Budva 5 3 -11
0%
Montenegro 13 Mogren Budva 149 186 -36
0%
Bulgaria 21 Montana 206 168 -156
0%
Russia 41 Mordovia Saransk (-2020) 90 82 -68
0%
Norway 23 Moss FK 234 276 -83
0%
Malta 24 Mqabba FC 50 40 -50
0%
Slovakia 20 MSK Puchov 109 111 -69
0%
Azerbaijan 16 Mugan Salyan (- 2012) 74 89 -25
0%
Denmark 20 Naestved Boldklub 161 161 -104
0%
Ukraine 47 Naftovyk Okhtyrka 48 44 -36
0%
North Macedonia 14 Napredok Kicevo 132 140 -90
0%
Kazakhstan 36 Nasha Kampaniya Astana (- 2000) 26 15 -35
0%
Slovenia 30 ND Beltinci 33 15 -67
0%
Slovenia 9 ND Primorje 374 520 45
0%
Cyprus 7 Nea Salamina Famagusta 519 625 -174
0%
Wales 28 Neath FC 166 255 31
0%
Bulgaria 43 Nesebar 30 20 -37
0%
Slovenia 10 NK Aluminij Kidricevo 288 302 -144
0%
Slovenia 25 NK Bela Krajina 104 96 -65
0%
Bosnia-Herzegovina 39 NK Bosna Visoko 38 13 -76
0%
Bosnia-Herzegovina 7 NK Celik Zenica 547 716 -64
0%
Croatia 21 NK Croatia Sesvete 63 39 -86
0%
Slovenia 11 NK Drava Ptuj 244 299 -56
0%
Slovenia 20 NK Dravograd 129 139 -65
0%
Slovenia 27 NK Galeb Ankaran 36 26 -51
0%
Slovenia 16 NK Interblock Ljubljana 144 156 -55
0%
Slovenia 29 NK Ivancna Gorica 36 17 -56
0%
Bosnia-Herzegovina 38 NK Jajce 32 32 -9
0%
Slovenia 18 NK Korotan Prevalje 110 142 -17
0%
Slovenia 21 NK Krsko 144 138 -96
0%
Croatia 22 NK Lucko 30 31 -7
0%
Slovenia 28 NK Pohorje 33 18 -47
0%
Slovenia 17 NK Radomlje 180 152 -162
0%
Slovenia 26 NK Rogaska 36 36 -27
0%
Slovenia 7 NK Rudar Velenje 598 712 -149
0%
Slovenia 22 NK Smartno 1928 96 126 0
0%
Slovenia 15 NK Tabor Sezana 177 172 -96
0%
Bosnia-Herzegovina 11 NK Travnik 360 430 -119
0%
Slovenia 13 NK Triglav Kranj 285 265 -261
0%
Bosnia-Herzegovina 24 NK Vitez 154 151 -84
0%
Slovenia 31 NK Zagorje 32 14 -44
0%
Bosnia-Herzegovina 20 NK Zepce 1919 188 215 -86
0%
Bosnia-Herzegovina 17 NK Zvijezda Gradacac 210 259 -56
0%
the Netherlands 41 NOAD Tilburg 136 129 -124
0%
Denmark 44 Nörre Aaby IK 16 18 -4
0%
Denmark 41 Nörresundby BK 42 27 -60
0%
Hungary 21 Nyíregyháza Spartacus 375 409 -149
0%
Ukraine 30 Nyva Vinnytsya 150 158 -73
0%
Russia 42 Ocean Nakhodka 69 81 -27
0%
Poland 18 Odra Wodzislaw Slaski 420 515 -84
0%
Serbia 32 OFK Backa 149 82 -123
0%
Bosnia-Herzegovina 40 OFK Gradina Srebrenik 30 9 -40
0%
Montenegro 8 OFK Grbalj 320 425 15
0%
Bosnia-Herzegovina 14 OFK Olimpik Novi Grad - Sarajevo 275 367 -24
0%
Montenegro 7 OFK Titograd 311 429 11
0%
Kazakhstan 16 Okzhetpes Kokshetau 575 552 -388
0%
Ukraine 22 Olimpik Donetsk 206 223 -106
0%
Denmark 29 Ölstykke FC 42 55 -10
0%
Turkey 37 Orduspor 352 406 -119
0%
Wales 36 Oswestry Town (- 2003) 102 94 -110
0%
Hungary 45 Ózd FC 34 26 -34
0%
Cyprus 28 PAEEK Kyrenia 32 17 -36
0%
Hungary 13 Paksi FC 567 771 11
0%
Finland 30 Pallokerho-35 60 57 -21
0%
Greece 38 Panegialios GS 188 200 -119
0%
Greece 49 Panelefsiniakos AO 101 100 -65
0%
Greece 32 Paniliakos Pyrgos 233 252 -100
0%
Greece 57 Pankorinthiakos 31 34 -19
0%
Hungary 27 Pápai Perutz FC 240 232 -172
0%
Greece 42 PAS Korinthos 175 178 -111
0%
Belgium 60 Patro Eisden Maasmechelen 30 24 -28
0%
Malta 23 Pembroke Athleta FC 67 43 -69
0%
Turkey 69 Pendikspor 38 37 -31
0%
Turkey 71 Petrolofisi 34 29 -35
0%
Azerbaijan 12 PFC Simurq (- 2015) 197 233 -32
0%
Ukraine 35 PFK Stal Kamyanske (-2018) 90 96 -31
0%
Russia 46 PFK Tambov (-2021) 62 44 -53
0%
Greece 24 Pierikos Katerini 518 591 -193
0%
Malta 19 Pietà Hotspurs FC 103 66 -124
0%
Bulgaria 35 Pirin Gotse Delchev 56 49 -78
0%
North Macedonia 18 Pobeda Prilep 138 115 -146
0%
Poland 31 Polonia Bytom 153 162 -66
0%
Poland 12 Polonia Warsaw 482 662 -5
0%
Austria 61 Post SV Wien 58 28 -137
0%
Wales 27 Prestatyn Town 260 261 -151
0%
Romania 29 Progresul Bucharest (- 2009) 154 209 -11
0%
Greece 26 Proodeftiki Neolea 483 515 -189
0%
Finland 27 PS Kemi Kings 99 91 -70
0%
Malta 11 Qormi FC 264 294 -79
0%
Scotland 21 Queen of the South FC 4 4 -2
0%
Kazakhstan 13 Qyzyljar Petropavlovsk 492 690 30
0%
Belgium 33 RAA La Louviere (- 2009) 306 321 -157
0%
Hungary 33 Rákospalotai EAC 120 105 -100
0%
Estonia 45 Rakvere JK Tarvas 36 3 -98
0%
Norway 29 Ranheim IL 60 69 -26
0%
Azerbaijan 15 Ravan Baku (-2017) 135 121 -87
0%
Spain 48 Real Burgos CF 114 122 -38
0%
Belarus 23 Rechitsa 2014 (- 2019) 208 183 -158
0%
North Macedonia 4 Renova Dzepciste 395 550 22
0%
Belgium 14 RFC Lüttich 1.140 1.509 -58
0%
Belgium 51 RFC Seraing 72 56 -74
0%
Belgium 34 RFC Seraing (- 1996) 272 316 -87
0%
Belgium 45 RFC Tilleur-Saint-Nicolas (-1995) 90 107 -27
0%
Wales 31 Rhayader Town 172 154 -132
0%
Bulgaria 38 Rilski Sportist 56 39 -65
0%
Denmark 50 Ringsted IF 2 1 -4
0%
Latvia 30 RKB-Arma Riga 28 10 -92
0%
Poland 52 RKS Radomsko 30 26 -12
0%
Russia 52 Rodina Moscow 2 3 -1
0%
Bulgaria 25 Rodopa 118 107 -91
0%
Denmark 52 Roskilde B.1906 (FCR II) 1 0 -1
0%
Finland 9 Rovaniemen Palloseura 732 868 -208
0%
Belgium 58 Royal Union Tubize-Braine 34 27 -42
0%
Poland 34 Ruch Radzionkow 90 109 -30
0%
Montenegro 3 Rudar Pljevlja 463 621 -4
0%
Romania 43 Sageata Navodari (- 2015) 34 38 -22
0%
Turkey 33 Sakaryaspor 380 431 -134
0%
Hungary 46 Salgótarjáni BTC 18 22 -11
0%
Poland 50 Sandecja Nowy Sacz 37 33 -20
0%
Norway 27 Sandnes Ulf 90 87 -60
0%
Turkey 27 Sariyer 436 578 1
0%
Russia 16 Saturn Ramenskoe 360 481 17
0%
Belarus 41 Savit Mogilev (- 2009) 30 21 -33
0%
Austria 45 SC Austria Lustenau 175 123 -154
0%
Austria 59 SC Austro Fiat Wien (- 1940) 32 29 -28
0%
Austria 43 SC Brigittenau (- 2009) 114 132 -96
0%
Belgium 28 SC Eendracht Aalst (-2024) 366 369 -234
0%
Austria 24 SC Eisenstadt/Siegendorf II 380 410 -183
0%
Portugal 43 SC Espinho 67 70 -44
0%
Kosovo 4 SC Gjilani 339 479 29
0%
Austria 25 SC Hakoah Wien (- 1950) 338 395 -154
0%
Switzerland 36 SC Kriens 44 38 -39
0%
Austria 58 SC Neusiedl/See 60 33 -112
0%
Armenia 17 SC Noravank 34 28 -21
0%
Portugal 34 SC Olhanense 150 151 -71
0%
Austria 65 SC Ostbahn XI 42 24 -146
0%
Austria 63 SC Rapid Oberlaa (- 2003) 82 26 -242
0%
Austria 66 SCR Hochstädt Wien (- 1972) 38 23 -87
0%
Portugal 21 SC Salgueiros 412 489 -145
0%
Portugal 45 SC União Torreense 34 35 -7
0%
Switzerland 40 SC Zug (1915-1994) 30 18 -44
0%
Malta 18 Senglea Athletic FC 95 70 -98
0%
Bulgaria 24 Sevlievo 150 120 -145
0%
Germany 37 SG Wattenscheid 09 140 150 -62
0%
Israel 34 Shimshon Tel Aviv 32 34 -9
0%
Russia 19 Shinnik Yaroslavl 306 341 -113
0%
Albania 15 Shkumbini Peqin 118 150 -30
0%
Georgia 15 Shukura Kobuleti 120 71 -141
0%
Poland 44 Siarka Tarnobrzeg 80 53 -82
0%
Faroe Islands 16 SIF Sandavágur 16 30 14
0%
Turkey 73 Siirtspor 34 24 -34
0%
Turkey 43 Sincan Belediyesi Ankaraspor 306 339 -112
0%
Georgia 11 Sioni Bolnisi 120 116 -96
0%
Malta 14 Sirens FC 122 146 -52
0%
Faroe Islands 12 Skála IF 216 179 -188
0%
Austria 78 SK Amateure Steyr 18 6 -53
0%
Latvia 36 Skanstes SK 2 0 -6
0%
Austria 48 SK Austria Kärnten (-2010) 108 89 -93
0%
Belgium 35 SK Beveren 329 314 -211
0%
Austria 77 SK Bischofshofen 28 9 -42
0%
Norway 37 SK Djerv 1919 22 13 -42
0%
Norway 30 Skeid Oslo 78 68 -110
0%
Czechia 27 SK Kladno 120 114 -74
0%
Latvia 25 SK Super Nova 72 34 -128
0%
Ukraine 8 SK Tavriya Simferopol (-2022) 682 881 -71
0%
Belarus 31 SKVICH Minsk (- 2014) 112 94 -87
0%
Austria 33 SK Vorwärts Steyr 344 278 -241
0%
Czechia 20 Slezsky FC Opava 334 320 -183
0%
Norway 16 Sogndal IL 446 475 -256
0%
Poland 36 Sokol Pniewy 68 85 -9
0%
Hungary 35 Soproni FAC 60 58 -41
0%
Russia 12 Spartak Vladikavkaz (-2020) 489 644 -33
0%
Austria 28 SpC Rudolfshügel (- 1934) 299 356 -122
0%
Moldova 16 Spicul Chiscareni 18 14 -21
0%
France 45 Sporting Club fivois 194 269 27
0%
France 33 Sporting Club Sétois 504 705 -51
0%
Bulgaria 44 Sportist Svoge 30 19 -36
0%
Germany 45 SpVgg Unterhaching 68 79 -26
0%
France 63 SR Colmar 34 43 -17
0%
Switzerland 37 SR Delémont 44 37 -44
0%
San Marino 13 SS Murata 202 209 -107
0%
Norway 9 Stabæk Fotball 728 1.025 54
0%
France 36 Stade Français 538 648 -136
0%
France 37 Stade Lavallois 494 616 -94
0%
Belgium 59 Stade Verviétois 30 24 -24
0%
Hungary 31 Stadler FC 128 123 -71
0%
Ukraine 40 Stal Alchevsk (-2014) 86 72 -59
0%
Malta 17 St. Andrews FC 118 98 -104
0%
Iceland 8 Stjarnan Gardabaer 436 641 70
0%
Norway 35 Strindheim TF 26 17 -41
0%
Norway 33 Strømmen IF 30 23 -23
0%
North Macedonia 13 Struga Trim & Lum 152 261 63
0%
Faroe Islands 23 SVB Sandvík 1 0 -5
0%
Austria 62 SV Dinamo Helfort 15 22 26 -17
0%
Austria 71 SV Donau 22 20 -22
0%
Denmark 45 Svendborg fB 14 16 -2
0%
Bulgaria 47 Svetkavitsa 30 8 -63
0%
Austria 46 SV Franckviertel Linz 104 119 -38
0%
Austria 75 SV Gloggnitz 24 15 -55
0%
Austria 44 SV Grödig 108 126 -36
0%
Austria 23 SV Kapfenberg 430 415 -384
0%
Austria 16 SV Ried 816 956 -161
0%
Austria 36 SV Schwechat 156 213 -18
0%
Austria 57 SV Spittal/Drau 30 33 -27
0%
Austria 60 SV St. Veit (- 1989) 30 28 -22
0%
the Netherlands 50 SVV Schiedam 68 52 -81
0%
Luxembourg 7 Swift Hesperange 431 647 107
0%
Poland 53 Swit Nowy Dwor Mazowiecki 28 25 -23
0%
Sweden 28 Syrianska FC 90 76 -65
0%
Poland 48 Szczakowianka Jaworzno 34 38 -11
0%
Hungary 34 SZEOL SC 96 90 -84
0%
Hungary 48 Szolnoki MÁV FC 30 21 -30
0%
Poland 43 Szombierki Bytom 45 54 -8
0%
Finland 26 Tampereen Pallo-Veikot 109 126 -34
0%
Malta 9 Tarxien Rainbows 370 393 -160
0%
Russia 29 Tekstilshchik Kamyshin 158 202 -15
0%
Ukraine 37 Temp Shepetivka 86 88 -34
0%
Greece 63 Thermaikos Thessalonikis 30 17 -42
0%
Cyprus 30 THOI Lakatamias 26 7 -60
0%
Greece 64 Thrasyvoulos Fylis 30 14 -31
0%
Iceland 18 Thróttur Reykjavík 120 108 -99
0%
Hungary 42 Tiszakécskei LC 34 32 -39
0%
Finland 35 Tornion Pallo -47 52 44 -35
0%
Belarus 39 Transmash Mogilev (- 1997) 30 28 -22
0%
Bulgaria 29 Tsarsko Selo (-2022) 78 75 -37
0%
Kazakhstan 21 Tsesna Almaty (-2011) 159 185 -39
0%
Andorra 5 UE Engordany 172 222 -62
0%
Iceland 12 UMF Grindavík 392 455 -154
0%
Iceland 21 UMF Selfoss 44 38 -33
0%
Iceland 25 UMF Skallagrímur 18 15 -21
0%
Iceland 19 UMF Víkingur Ólafsvík 66 60 -49
0%
Turkey 70 Ümraniyespor 36 30 -17
0%
Portugal 14 União de Leiria 525 656 -105
0%
Portugal 52 União FCI de Tomar 2 0 -5
0%
Portugal 50 Uniao Foot-Ball Lissabon 14 11 -19
0%
Luxembourg 12 UN Käerjeng 97 353 418 -132
0%
Russia 35 Uralan Elista 150 147 -87
0%
France 71 US Boulogne 38 31 -31
0%
Luxembourg 15 US Mondorf-Les-Bains 268 334 -52
0%
Luxembourg 17 US Rumelange 309 290 -284
0%
the Netherlands 35 USV Elinkwijk 234 245 -177
0%
Hungary 17 Vác FC 405 554 -38
0%
Denmark 43 Vanlöse IF 28 21 -34
0%
Turkey 54 Vanspor 170 153 -133
0%
Sweden 24 Varbergs BoIS 120 120 -69
0%
Portugal 41 Varzim SC 104 97 -69
0%
Sweden 35 Västra Frölunda IF 26 15 -45
0%
Turkey 32 Vefaspor 422 473 -149
0%
Denmark 35 Vendsyssel FF 40 38 -19
0%
Greece 25 Veria 1960 559 572 -294
0%
Switzerland 29 Vevey-Sports 206 191 -178
0%
Austria 42 VfB Mödling (-2024) 142 133 -102
0%
Bulgaria 23 Vihren Sandanski 118 128 -56
0%
Bulgaria 39 Vitosha Bistritsa 78 39 -100
0%
Hungary 30 VLS Veszprém 120 141 -39
0%
Hungary 51 VM Egyetértés SK 16 14 -7
0%
Hungary 29 Volán SC 159 149 -89
0%
Ukraine 14 Volyn Lutsk 475 481 -245
0%
Kazakhstan 14 Vostok Oskemen (-2015) 549 616 -147
0%
Greece 43 Vyzas Megaron 132 155 -61
0%
Belgium 26 Waterschei SV THOR (- 1988) 332 412 -78
0%
Belgium 46 Wavre Sports FC (-2020) 102 91 -86
0%
Wales 23 Welshpool Town 346 391 -163
0%
Austria 49 WSG Radenthein 88 69 -82
0%
the Netherlands 47 WVV Wageningen 68 57 -65
0%
Kazakhstan 15 Yelimay Semey 393 602 110
0%
Turkey 52 Yeni Malatyaspor 180 187 -61
0%
Turkey 67 Yesildirek 58 55 -43
0%
Turkey 61 Yozgatspor Tic. AS 68 76 -12
0%
Hungary 9 Zalaegerszegi TE FC 941 1.235 -54
0%
Malta 25 Zebbug Rangers FC 60 36 -84
0%
Malta 28 Zejtun Corinthians FC 24 24 -14
0%
Serbia 36 Zeleznik Belgrad 40 49 -12
0%
Turkey 55 Zeytinburnuspor 162 145 -131
0%
Russia 25 Zhemchuzhina Sochi (-2011) 222 240 -122
0%
Kazakhstan 34 Zhetysu-Sunkar Taldykorgan (-2014) 26 23 -15
0%
Kazakhstan 11 Zhetysu Taldykorgan 719 822 -240
0%
Kazakhstan 19 Zhiger Shymkent (-2000) 204 227 -76
0%
Ukraine 18 Zirka Kropyvnytskyi 250 243 -162
0%
No matching quizzes found
Score Distribution
Percent of People with Each Score
Percentile by Number Answered
Your Score History
You have not taken this quiz